Every 200k+ City in the World on a Map [2025] (by urban area) - Statistics

General Stats
  • This quiz has been taken 59 times
  • The average score is 501 of 3502
Answers on the Map
Answers color-coded by a green-red scale on the quiz's map according to % correct below.
 
Answer Stats
Country Region (if applicable) Population City % Correct
Ghana 227,896 Ho
88%
China Shànghăi 22,354,511 Shànghăi
85%
China Bĕijīng 19,570,959 Bĕijīng
81%
India Delhi 35,373,074 Delhi
81%
China Hébĕi 406,614 Gù'ān
81%
United States New York 20,113,692 New York
81%
Taiwan ROC 7,207,350 Táiběi
81%
Japan Kantō 35,462,375 Tōkyō
81%
New Zealand 1,605,047 Auckland
77%
United Kingdom England 2,654,275 Birmingham
77%
United States Alabama 844,018 Birmingham
77%
Sierra Leone 298,121 Bo
77%
Colombia 9,609,902 Bogotá
77%
Mexico Ciudad de México 19,818,468 Ciudad de México
77%
United States Texas 6,766,579 Dallas - Fort Worth
77%
United States Texas 6,976,139 Houston
77%
Indonesia Jakarta 35,022,080 Jakarta
77%
United Kingdom England 10,882,700 London
77%
Canada Ontario 491,040 London
77%
United States California 13,640,600 Los Angeles
77%
Australia Victoria 5,468,435 Melbourne
77%
United States Florida 6,455,010 Miami
77%
Russia Tsentral'nyj 17,040,370 Moskva
77%
Norway 1,200,346 Oslo
77%
United States Florida 597,370 Palm Bay
77%
France Île-de-France 10,722,846 Paris
77%
Australia New South Wales 5,221,050 Sydney
77%
New Zealand 264,695 Wellington
77%
China Húbĕi 11,398,743 Wŭhàn
77%
China Shănxī 10,691,307 Xī'ān
77%
Ghana 5,890,525 Accra
73%
Egypt Al-Qāhira al-Kubrā 20,262,781 Al-Qāhirah
73%
United States Georgia 5,712,132 Atlanta
73%
Iraq 7,956,148 Baghdād
73%
Spain 3,975,735 Barcelona
73%
Venezuela Oriental 798,068 Barcelona
73%
Australia Queensland 2,707,397 Brisbane
73%
Argentina 16,560,966 Buenos Aires
73%
Morocco 4,200,189 Casablanca
73%
United States Illinois 8,860,334 Chicago
73%
Ireland 1,451,775 Dublin
73%
United Kingdom Scotland 549,289 Edinburgh
73%
Algeria 4,094,451 El Djazaïr
73%
China Guăngdōng 33,611,614 Guăngzhōu
73%
Vietnam Đồng bằng sông Hồng 5,659,099 Hà Nội
73%
Turkey 15,334,763 İstanbul
73%
United Kingdom England 328,116 Kingston upon Hull
73%
Thailand Krung Thep Maha Nakhon Lae Parimonthon 20,119,776 Krung Thep
73%
Cuba 2,171,833 La Habana
73%
Peru 11,670,089 Lima
73%
United States California 249,532 Livermore - Pleasanton - Dublin
73%
United Kingdom England 1,238,431 Liverpool
73%
United Kingdom England 2,797,288 Manchester
73%
United States New Hampshire 207,589 Manchester
73%
Philippines Luzon 26,783,724 Manila
73%
India Mahārāshtra 23,856,308 Mumbai
73%
Italy 3,507,850 Napoli
73%
Australia Western Australia 2,260,306 Perth
73%
Brazil Rio de Janeiro 10,571,444 Rio de Janeiro
73%
Italy 3,064,892 Roma
73%
Russia Severo-Zapadnyj 5,975,195 Sankt-Peterburg
73%
Chile 7,102,137 Santiago
73%
Cuba 453,760 Santiago de Cuba
73%
Dominican Republic 483,557 Santiago de los Caballeros
73%
Sweden 2,076,764 Stockholm
73%
Turkey 593,242 Van
73%
Australia South Australia 1,469,062 Adelaide
69%
Egypt Al-Iskandariyah 6,113,997 Al-Iskandariyah
69%
Turkey 5,019,901 Ankara
69%
Greece 3,410,353 Athínai
69%
Germany Berlin 3,977,635 Berlin
69%
United States Florida 489,776 Bonita Springs
69%
United States Massachusetts 2,963,665 Boston
69%
Romania 2,048,657 București
69%
Hungary 2,243,057 Budapest
69%
Canada Alberta 1,497,077 Calgary
69%
South Africa Western Cape 4,932,042 Cape Town
69%
India Tamil Nādu 12,579,542 Chennai
69%
New Zealand 366,284 Christchurch
69%
Bangladesh Dhaka 19,415,975 Dhaka
69%
UAE 6,201,030 Dubayy
69%
Finland 1,437,970 Helsinki
69%
China Hong Kong 3,918,881 Hong Kong
69%
Jamaica 858,991 Kingston
69%
Malaysia 8,913,469 Kuala Lumpur
69%
Nigeria Lagos 14,211,850 Lagos
69%
United Kingdom England 1,901,990 Leeds
69%
Portugal 2,486,118 Lisboa
69%
France Auvergne-Rhône-Alpes 1,815,597 Lyon
69%
Spain 4,919,397 Madrid
69%
France Provence-Alpes-Côte d'Azur 1,170,893 Marseilles
69%
Italy 3,839,859 Milano
69%
United States Pennsylvania 5,996,301 Philadelphia
69%
United States Arizona 4,609,515 Phoenix
69%
Portugal 1,167,566 Porto
69%
Yemen 4,413,736 Ṣan'ā'
69%
United States California 3,270,587 San Diego
69%
United States California 2,748,068 San Jose
69%
Costa Rica 2,243,591 San José
69%
Brazil São Paulo 20,591,015 São Paulo
69%
United States Washington 4,037,248 Seattle
69%
South Korea 16,953,148 Seoul
69%
Iran Tehrān 10,465,347 Tehrān
69%
Vietnam Đông Nam Bộ 14,329,816 Thành Phố Hồ Chí Minh
69%
Canada Ontario 5,824,965 Toronto
69%
Mauritius 388,879 Vacoas-Phoenix
69%
Canada British Columbia 2,594,393 Vancouver
69%
Poland 2,346,297 Warszawa
69%
United States District of Columbia 5,767,650 Washington
69%
Austria 2,186,677 Wien
69%
UAE 1,533,429 Abū Ẓaby
65%
Qatar 2,528,402 Ad-Dawḥah - Ar-Rayyān
65%
Jordan 8,235,571 Ammān
65%
Netherlands 1,182,207 Amsterdam
65%
Saudi Arabia 8,154,627 Ar-Riyāḍ
65%
United States Texas 2,181,313 Austin
65%
United Kingdom Northern Ireland 638,470 Belfast
65%
India Karnātaka 15,874,914 Bengaluru
65%
Brazil Distrito Federal 3,197,097 Brasilia
65%
Belgium 2,044,619 Brussels
65%
Venezuela Capital 3,212,081 Caracas
65%
United States North Carolina 1,719,685 Charlotte
65%
United States Ohio 1,819,588 Cincinnati
65%
Panama 1,305,514 Ciudad de Panamá
65%
United States Ohio 1,860,199 Columbus
65%
United States Georgia 273,405 Columbus
65%
Tanzania Eastern 6,553,889 Dar es Salaam
65%
United States Colorado 3,043,467 Denver
65%
United States Michigan 3,897,605 Detroit
65%
Canada Alberta 1,330,512 Edmonton
65%
United States Texas 942,903 El Paso
65%
United Kingdom Scotland 1,045,823 Glasgow
65%
India Telangana 11,011,599 Hyderābād
65%
Pakistan Sindh 2,358,269 Hyderābād
65%
United States Mississippi 347,693 Jackson
65%
United States Florida 1,344,234 Jacksonville
65%
United States Missouri 1,885,992 Kansas City
65%
Pakistan Sindh 21,086,432 Karāchi
65%
DR Congo Kinshasa 15,560,838 Kinshasa
65%
Denmark 1,554,292 København
65%
India West Bengal 16,074,138 Kolkata
65%
Poland 932,498 Kraków
65%
Ukraine 3,129,717 Kyïv
65%
Pakistan Punjāb 15,105,691 Lāhore
65%
United States Nevada 2,549,574 Las Vegas
65%
China Ānhuī 1,206,739 Lù'ān
65%
Angola 11,152,829 Luanda
65%
United States Minnesota 3,222,569 Minneapolis - St. Paul
65%
Kenya Nairobi 6,893,247 Nairobi
65%
Australia New South Wales 546,973 Newcastle
65%
South Africa KwaZulu-Natal 305,904 Newcastle
65%
United Kingdom England 798,215 Newcastle upon Tyne
65%
United States Florida 2,319,167 Orlando
65%
Japan Kansai 12,880,695 Ōsaka
65%
United States Oregon 2,383,080 Portland
65%
United States Maine 229,884 Portland
65%
Ecuador 2,583,898 Quito
65%
Pakistan Punjāb 5,000,171 Rāwalpindi - Islāmābād
65%
United States Texas 2,368,853 San Antonio
65%
United States Puerto Rico 1,033,758 San Juan
65%
Argentina 579,174 San Juan
65%
Dominican Republic 3,676,437 Santo Domingo
65%
Ecuador 369,161 Santo Domingo de los Colorados
65%
Singapore 6,140,503 Singapore
65%
United States Florida 3,024,418 Tampa
65%
China Tiānjīn 11,408,526 Tiānjīn
65%
Italy 1,332,277 Torino
65%
Tunisia 2,439,088 Tūnis
65%
Sudan 6,668,919 Umm Durmān - Al-Kharṭūm
65%
Spain 1,822,843 València
65%
Venezuela Central 1,822,401 Valencia
65%
Switzerland 1,187,063 Zürich
65%
Kuwait 4,770,899 Al-Kuwayt - Ḥawallī - Al-Farwānīyah - Al-Finṭās
62%
Kazakhstan 1,454,042 Astana
62%
Azerbaijan 1,999,700 Bakı
62%
Germany Bremen 716,661 Bremen
62%
United Kingdom England 708,226 Bristol
62%
Guatemala 2,662,452 Ciudad de Guatemala
62%
United States Ohio 1,768,690 Cleveland
62%
Sri Lanka 3,836,900 Colombo
62%
South Africa KwaZulu-Natal 3,441,064 Durban
62%
Germany Hessen 990,008 Frankfurt am Main
62%
United States California 829,221 Fresno
62%
South Africa Western Cape 236,374 George
62%
Guyana 276,812 Georgetown
62%
Malaysia 993,541 George Town - Sungai Ara - Gelugor
62%
Germany Hamburg 1,014,981 Hamburg
62%
China Zhèjiāng 10,353,243 Hángzhōu
62%
Zimbabwe 1,851,533 Harare
62%
United States Hawaii 933,466 Honolulu
62%
United States Indiana 1,924,396 Indianapolis
62%
Saudi Arabia 4,371,220 Jiddah
62%
South Africa Gauteng 10,975,610 Johannesburg
62%
Afghanistan 5,763,851 Kābul
62%
Uganda 4,693,310 Kampala
62%
Nigeria Kano 5,300,509 Kano
62%
Ukraine 1,502,983 Kharkiv
62%
Germany Nordrhein-Westfalen 1,355,472 Köln
62%
Mexico Baja California Sur 315,358 La Paz
62%
Zambia 3,142,441 Lusaka
62%
Ukraine 773,044 L'viv
62%
Morocco 1,162,879 Marrakech
62%
Oman 1,495,183 Masqaṭ - As-Sīb
62%
United States Tennessee 1,143,721 Memphis
62%
Mexico Nuevo León 4,383,058 Monterrey
62%
Canada Québec 3,964,120 Montréal
62%
Germany Bayern 1,914,962 München
62%
Japan Chūbu 8,794,746 Nagoya
62%
United States Tennessee 1,273,556 Nashville
62%
France Provence-Alpes-Côte d'Azur 1,027,329 Nice
62%
Bolivia 2,010,755 Nuestra Señora de La Paz
62%
Italy 744,422 Palermo
62%
United States Pennsylvania 1,830,218 Pittsburgh
62%
Czechia 1,529,297 Praha
62%
Iran Tehrān 1,261,550 Qom
62%
Canada Québec 809,701 Québec
62%
Morocco 1,731,443 Rabat
62%
United States California 2,189,833 Sacramento
62%
United States Utah 1,310,914 Salt Lake City
62%
United States California 3,269,385 San Francisco
62%
El Salvador 1,724,430 San Salvador
62%
Argentina 385,223 San Salvador de Jujuy
62%
Bulgaria 1,289,039 Sofija
62%
Germany Baden-Württemberg 1,111,645 Stuttgart
62%
Libya 1,694,306 Ṭarābulus
62%
Lebanon 573,058 Ṭarābulus
62%
Georgia 1,156,031 Tbilisi
62%
Israel 2,639,658 Tel Aviv-Yafo
62%
Mexico Baja California 1,875,648 Tijuana
62%
Armenia 1,133,773 Yerevan
62%
Ethiopia Adis Abeba 5,169,439 Adis Abeba
58%
Saudi Arabia 1,603,160 Al-Madīnah
58%
Kazakhstan 2,352,207 Almaty
58%
United States Maryland 2,216,237 Baltimore
58%
Mali 5,078,830 Bamako
58%
Serbia 1,417,307 Beograd
58%
Switzerland 322,553 Bern
58%
Spain 894,535 Bilbao
58%
France Nouvelle-Aquitaine 1,080,542 Bordeaux
58%
Mexico Quintana Roo 916,784 Cancún
58%
China Sìchuān 15,570,559 Chéngdū
58%
China Chóngqìng 10,654,768 Chóngqìng
58%
Guinea 2,894,288 Conakry
58%
Ireland 258,950 Cork
58%
Syria 4,131,024 Dimashq
58%
Germany Sachsen 789,069 Dresden
58%
Italy 793,537 Firenze
58%
Japan Kyūshū & Okinawa 2,574,620 Fukuoka
58%
Switzerland 562,058 Genève
58%
Mexico Nuevo León 4,489,855 Guadalajara
58%
China Hēilóngjiāng 5,418,284 Hā'ĕrbīn
58%
China Ānhuī 7,154,178 Héféi
58%
Japan Chūgoku 1,458,038 Hiroshima
58%
Australia Tasmania 230,620 Hobart
58%
United States Kentucky 1,134,431 Louisville
58%
India Uttar Pradesh 4,864,087 Lucknow
58%
Ukraine 237,773 Luts'k
58%
Saudi Arabia 2,638,912 Makkah
58%
Spain 905,991 Málaga
58%
Mozambique Maputo Cidade 2,820,991 Maputo
58%
Colombia 2,795,406 Medellín
58%
United States Wisconsin 1,465,557 Milwaukee
58%
Belarus 2,076,293 Minsk
58%
India Punjab 217,715 Moga
58%
Ukraine 1,082,880 Odesa
58%
United States Nebraska 920,537 Omaha
58%
Canada Ontario 1,208,894 Ottawa
58%
Burkina Faso 3,401,273 Ouagadougou
58%
South Africa Gauteng 2,618,557 Pretoria
58%
United States Rhode Island 1,405,593 Providence
58%
Iceland 247,143 Reykjavík
58%
Netherlands 1,052,447 Rotterdam
58%
Senegal 243,290 Saint-Louis
58%
Colombia 3,519,693 Santiago de Cali
58%
China Guăngdōng 30,160,573 Shēnzhèn
58%
United States Missouri 2,283,833 St. Louis
58%
Malaysia 302,693 Sungai Petani
58%
France Occitanie 1,208,657 Toulouse
58%
United States Arizona 981,357 Tucson
58%
China Xīnjiāng 4,139,379 Wūlŭmùqí
58%
China Fújiàn 6,792,981 Xiàmén
58%
Cameroon 5,364,266 Yaoundé
58%
Yemen 1,203,785 Adan
54%
Palestinian Territories West Bank 370,062 Al-Quds
54%
India Jammu & Kashmīr 444,301 Anantnāg
54%
Turkey 1,483,426 Antalya
54%
Madagascar 2,259,026 Antananarivo
54%
Belgium 1,253,877 Antwerpen
54%
Paraguay 1,958,866 Asunción
54%
Lebanon 2,322,184 Bayrūt
54%
Italy 507,088 Bologna
54%
R Congo 2,548,882 Brazzaville
54%
United States New York 996,463 Buffalo
54%
South Korea 3,062,882 Busan
54%
Australia Australian Capital Territory 517,988 Canberra
54%
United Kingdom Wales 471,665 Cardiff
54%
United States Colorado 711,777 Colorado Springs
54%
United States South Carolina 656,135 Columbia
54%
Argentina 1,749,650 Córdoba
54%
Spain 319,550 Córdoba
54%
Mexico Veracruz de Ignacio de la Llave 209,664 Córdoba
54%
Senegal 3,842,731 Dakar
54%
China Yúnnán 607,365 Dàlĭ
54%
China Shănxī 283,480 Dàlì
54%
Ukraine 1,335,083 Donets'k
54%
Tajikistan 1,360,428 Dushanbe
54%
Morocco 1,412,011 Fès
54%
China Fújiàn 4,584,088 Fúzhōu
54%
China Jiāngxī 718,105 Fŭzhōu
54%
Poland 620,642 Gdańsk
54%
Sweden 796,665 Göteborg
54%
Turkey 2,934,850 İzmir
54%
Nepal 3,216,810 Kathmandu
54%
Gabon 1,096,509 Libreville
54%
France Hauts-de-France 1,119,351 Lille
54%
Sweden 402,488 Malmö
54%
Nicaragua 1,182,294 Managua
54%
Brazil Amazonas 2,461,218 Manaus
54%
Liberia 2,195,458 Monrovia
54%
Uruguay 1,538,661 Montevideo
54%
Somalia 3,588,111 Muqdisho
54%
China Jiāngsū 8,014,586 Nánjīng
54%
United States Louisiana 991,287 New Orleans
54%
Niger Niamey 1,424,977 Niamey
54%
United States Oklahoma 1,140,604 Oklahoma City
54%
Cambodia 2,720,665 Phnum Pénh
54%
Haiti 2,783,126 Port-au-Prince
54%
North Korea 3,210,603 P'yŏngyang
54%
United States North Carolina 1,489,503 Raleigh
54%
United States Virginia 1,155,656 Richmond
54%
Latvia 663,645 Rīga
54%
Germany Nordrhein-Westfalen 3,541,417 Ruhrgebeit
54%
Brazil Bahia 3,317,786 Salvador
54%
Bolivia 2,141,335 Santa Cruz de la Sierra
54%
Spain 458,933 Santa Cruz de Tenerife
54%
Bos. & Herz. 351,874 Sarajevo
54%
United Kingdom England 692,062 Sheffield
54%
Bolivia 314,815 Sucre
54%
India Gujarāt 8,468,515 Sūrat
54%
Greece 865,063 Thessaloníki
54%
Albania 777,310 Tirane
54%
Uzbekistan 3,436,966 Toshkent
54%
United States Oklahoma 822,090 Tulsa
54%
Mongolia 1,793,316 Ulaanbataar
54%
United States Virginia 1,565,200 Virginia Beach
54%
Canada Manitoba 830,527 Winnipeg
54%
Myanmar 6,332,608 Yangon
54%
Israel 1,052,840 Yerushalayim
54%
Croatia 802,390 Zagreb
54%
China Hénán 7,972,650 Zhèngzhōu
54%
Denmark 343,295 Aarhus
50%
Côte d'Ivoire 6,297,146 Abidjan
50%
India Gujarāt 9,416,377 Ahmadābād
50%
United States New York 635,455 Albany
50%
Bahrain 1,619,282 Al-Manamah
50%
Turkmenistan 1,107,662 Aşgabat
50%
Indonesia Jawa Barat 8,857,127 Bandung
50%
Indonesia Jawa Timur 349,679 Batu
50%
Brazil Pará 2,267,915 Belem
50%
Kyrgyzstan 1,265,725 Bishkek
50%
Slovakia 497,114 Bratislava
50%
United Kingdom England 527,145 Brighton and Hove
50%
Moldova 576,399 Chișinău
50%
Mexico Chihuahua 1,474,633 Ciudad Juárez
50%
China Liáoníng 5,205,300 Dàlián
50%
Ukraine 982,062 Dnipro
50%
Cameroon 4,682,402 Douala
50%
Sierra Leone 1,763,201 Freetown
50%
Australia Queensland 767,764 Gold Coast
50%
Germany Niedersachsen 859,121 Hannover
50%
United States Connecticut 1,033,812 Hartford
50%
South Sudan 408,920 Juba
50%
Russia Privolga 1,384,416 Kazan'
50%
Iran Tabrīz 202,771 Khūy
50%
Ghana 4,951,046 Kumasi
50%
China Yúnnán 5,890,955 Kūnmíng
50%
Mexico Guanajuato 1,628,318 León
50%
United States Nebraska 310,096 Lincoln
50%
Slovenia 327,891 Ljubljana
50%
Togo 2,781,703 Lomé
50%
Iran Mashhad 3,999,351 Mashhad
50%
Indonesia Sumatera Utara 4,416,446 Medan
50%
Philippines Luzon 277,451 Naga
50%
France Pays de la Loire 790,955 Nantes
50%
Chad 1,963,810 Ndjamena
50%
Papua New Guinea 575,417 Port Moresby
50%
Mexico Puebla 2,485,501 Puebla
50%
India Mahārāshtra 7,616,980 Pune
50%
China Shāndōng 6,649,564 Qīngdăo
50%
Brazil Pernambuco 3,450,721 Recife
50%
Argentina 1,520,374 Rosario
50%
India Tamil Nādu 1,417,360 Salem
50%
United States Oregon 342,529 Salem
50%
Japan Hokkaidō 2,214,701 Sapporo
50%
Spain 1,153,194 Sevilla
50%
China Liáoníng 7,397,712 Shĕnyáng
50%
North Macedonia 501,581 Skopje
50%
United States Washington 525,283 Spokane
50%
United States California 445,777 Stockton
50%
Australia Queensland 404,044 Sunshine Coast
50%
Iran Tabrīz 1,697,215 Tabrīz
50%
Honduras 1,373,190 Tegucigalpa
50%
Netherlands 498,785 Utrecht
50%
Italy 325,746 Venezia
50%
Lithuania 616,778 Vilnius
50%
Namibia 486,221 Windhoek
50%
Nigeria Federal Capital Territory 2,538,917 Abuja
46%
Spain 544,146 Alicante
46%
United States California 594,864 Bakersfield
46%
Switzerland 454,854 Basel
46%
United States Louisiana 726,819 Baton Rouge
46%
Brazil Minas Gerais 4,643,547 Belo Horizonte
46%
Norway 301,394 Bergen
46%
Belarus 370,329 Brest
46%
France Bretagne 240,519 Brest
46%
Philippines Visayas 3,119,704 Cebu
46%
United States South Carolina 760,307 Charleston
46%
Mexico Chihuahua 956,007 Chihuahua
46%
Bangladesh Chittagong 4,855,035 Chittagong
46%
Mexico Tamaulipas 341,686 Ciudad Victoria
46%
Philippines Mindanao 1,697,184 Davao
46%
United States Ohio 794,210 Dayton
46%
United States Iowa 619,578 Des Moines
46%
United States North Carolina 421,261 Durham
46%
Germany Nordrhein-Westfalen 1,020,289 Dusseldorf
46%
Pakistan Punjāb 4,661,943 Faisalābād
46%
Brazil Ceará 3,514,824 Fortaleza
46%
Palestinian Territories Gaza Strip 1,179,521 Ghazzah
46%
South Africa Eastern Cape 1,197,126 Gqeberha
46%
Austria 346,894 Graz
46%
Syria 3,254,936 Ḥalab
46%
Nigeria Oyo 2,524,893 Ibadan
46%
Rwanda 1,623,186 Kigali
46%
Germany Sachsen 697,786 Leipzig
46%
Austria 258,956 Linz
46%
United States Arkansas 499,069 Little Rock
46%
United States Wisconsin 523,324 Madison
46%
Mexico Yucatán 1,119,178 Mérida
46%
Venezuela Andino 321,419 Mérida
46%
Kenya Coast 1,502,795 Mombasa
46%
India Mahārāshtra 3,388,653 Nāgpur
46%
China Guăngxī 5,249,860 Nánníng
46%
United Kingdom England 775,880 Nottingham
46%
Mauritania 1,569,446 Nouakchott
46%
Germany Bayern 865,020 Nürnberg
46%
Spain 531,746 Palma
46%
Brazil Rio Grande do Sul 2,323,324 Porto Alegre
46%
Trinidad and Tobago 344,542 Port of Spain - Arima
46%
Poland 664,582 Poznań
46%
United States Nevada 470,102 Reno
46%
United States California 2,471,048 Riverside - San Bernardino
46%
Brazil Maranhão 1,196,568 São Luís
46%
China Guăngdōng 5,142,234 Shàntóu
46%
Iran Eṣfahān 1,386,405 Shīrāz
46%
France Grand Est 572,880 Strasbourg
46%
Indonesia Jawa Timur 5,929,379 Surabaya
46%
Fiji 219,519 Suva
46%
China Jiāngsū 10,789,421 Sūzhōu - Wúxī
46%
United States New York 467,891 Syracuse
46%
United States Florida 282,435 Tallahassee
46%
Estonia 506,368 Tallinn
46%
United States Ohio 548,683 Toledo
46%
Canada British Columbia 392,421 Victoria
46%
United States Kansas 546,813 Wichita
46%
Spain 766,241 Zaragoza
46%
Germany Nordrhein-Westfalen 308,891 Aachen
42%
United Kingdom Scotland 219,543 Aberdeen
42%
Turkey 1,366,470 Adana
42%
Saudi Arabia 2,928,732 Ad-Dammām
42%
Iraq 1,923,678 Al-Baṣrah
42%
United States New Mexico 784,505 Albuquerque
42%
Iraq 1,693,719 Al-Mawṣil
42%
Egypt Qanāt as-Suwais 703,038 As-Suways
42%
Libya 822,947 Banghāzī
42%
CAR 1,505,001 Bangui
42%
Italy 402,240 Bari
42%
United Kingdom England 242,431 Blackpool
42%
South Africa Free State 602,144 Bloemfontein
42%
United States Idaho 509,022 Boise City
42%
United States Connecticut 981,661 Bridgeport - Stamford
42%
Czechia 470,498 Brno
42%
United States Texas 235,395 Brownsville
42%
Colombia 970,111 Cartagena de Indias
42%
China Húnán 7,717,063 Chángshā
42%
United States Texas 363,589 Corpus Christi
42%
Brazil Paraná 2,692,837 Curitiba
42%
Peru 534,573 Cusco
42%
South Korea 2,382,242 Daegu
42%
Hungary 225,072 Debrecen
42%
Djibouti 737,475 Djibouti
42%
Tanzania Central 618,611 Dodoma
42%
Netherlands 270,001 Dordrecht
42%
Iran Eṣfahān 2,453,124 Eṣfahān
42%
United States Indiana 395,606 Fort Wayne
42%
Italy 596,456 Genova
42%
Belgium 453,285 Gent
42%
United States North Carolina 464,386 Greensboro
42%
Ecuador 3,351,573 Guayaquil
42%
United States Alabama 396,563 Huntsville
42%
India Madhya Pradesh 3,877,984 Indore
42%
India Rājasthān 4,556,015 Jaipur
42%
China Shāndōng 6,111,740 Jìnán
42%
Poland 1,432,551 Katowice
42%
United States Tennessee 623,337 Knoxville
42%
Japan Kansai 1,970,086 Kyōto
42%
Cyprus 268,863 Lefkosía
42%
United Kingdom England 580,625 Leicester
42%
Poland 790,018 Łódź
42%
United States Texas 284,551 Lubbock
42%
China Macao 694,980 Macao
42%
Myanmar 1,969,641 Mandalay
42%
Venezuela Zulia 2,312,067 Maracaibo
42%
United States Texas 923,114 McAllen
42%
United States Alabama 355,376 Mobile
42%
Spain 671,672 Murcia
42%
Japan Kyūshū & Okinawa 1,241,046 Naha
42%
Bahamas 307,659 Nassau
42%
China Zhèjiāng 4,090,505 Níngbō
42%
Serbia 350,008 Novi Sad
42%
Russia Siberiya 1,778,154 Novosibirsk
42%
Algeria 1,174,916 Oran
42%
Russia Privolga 755,775 Perm'
42%
United Kingdom England 271,855 Plymouth
42%
Nigeria Rivers 2,071,947 Port Harcourt
42%
Benin 487,794 Porto-Novo
42%
Kosovo 237,661 Prishtinë
42%
Canada Saskatchewan 248,865 Regina
42%
United States New York 757,197 Rochester
42%
Canada Saskatchewan 301,495 Saskatoon
42%
Russia Juzhnyj 410,841 Sochi
42%
United Kingdom England 902,929 Southampton
42%
United States Massachusetts 548,069 Springfield
42%
United States Missouri 334,948 Springfield
42%
United Kingdom Wales 300,366 Swansea
42%
Morocco 1,391,859 Tanger
42%
France Provence-Alpes-Côte d'Azur 611,116 Toulon
42%
Malta 403,735 Valletta - San Pawl Il-Baħar
42%
India Uttar Pradesh 3,061,049 Vārānasi
42%
Russia Juzhnyj 1,384,098 Volgograd
42%
Poland 743,124 Wrocław
42%
Morocco 1,233,005 Agadir
38%
India Uttar Pradesh 2,797,655 Āgra
38%
UAE 888,965 Al-'Ayn
38%
Eritrea 763,889 Āsmera
38%
Egypt Ǧanūb Ṣaʿīd Miṣr 430,978 Aswān
38%
United States Georgia 563,686 Augusta
38%
Nigeria Anambra 219,383 Awka
38%
India Uttar Pradesh 241,307 Bānda
38%
Nigeria Edo 1,912,108 Benin City
38%
Guinea-Bissau 700,448 Bissau
38%
United Kingdom England 495,779 Bournemouth
38%
Turkey 2,287,676 Bursa
38%
Egypt Qanāt as-Suwais 839,685 Būr Sa'īd
38%
Sudan 469,506 Būr Sūdān
38%
Brazil São Paulo 2,342,930 Campinas
38%
Romania 323,933 Cluj-Napoca
38%
Bolivia 1,499,361 Cochabamba
38%
Benin 1,861,204 Cotonou
38%
Indonesia Bali 2,637,921 Denpasar
38%
France Bourgogne-Franche-Comté 282,112 Dijon
38%
Timor-Leste 312,401 Dili
38%
United States Oregon 306,239 Eugene
38%
United States North Dakota 235,875 Fargo
38%
Taiwan ROC 2,102,064 Gāoxióng
38%
Turkey 1,807,920 Gaziantep
38%
Brazil Goiás 2,485,793 Goiânia
38%
Spain 505,568 Granada
38%
United States Michigan 675,278 Grand Rapids
38%
United States Pennsylvania 568,130 Harrisburg
38%
Belarus 559,645 Homieĺ
38%
Belarus 390,732 Hrodna
38%
Nigeria Kaduna 1,408,020 Kaduna
38%
Russia Severo-Zapadnyj 529,241 Kaliningrad
38%
Germany Schleswig-Holstein 292,072 Kiel
38%
Turkey 1,380,719 Konya
38%
Malawi 1,294,132 Lilongwe
38%
DR Congo Haut-Katanga 2,952,428 Lubumbashi
38%
United Kingdom England 299,161 Luton
38%
Indonesia Sulawesi Selatan 2,314,989 Makassar
38%
Germany Baden-Württemberg 568,081 Mannheim
38%
DR Congo Kasaï-Oriental 3,463,393 Mbuji-Mayi
38%
Argentina 1,257,683 Mendoza
38%
France Occitanie 561,498 Montpellier
38%
Japan Kyūshū & Okinawa 447,990 Nagasaki
38%
Myanmar 577,583 Naypyitaw
38%
Serbia 208,183 Niš
38%
Russia Privolga 1,291,378 Nizhnij Novgorod
38%
Mexico Oaxaca 536,577 Oaxaca de Juárez
38%
Nigeria Ondo 254,960 Ore
38%
Kyrgyzstan 385,559 Osh
38%
Czechia 348,382 Ostrava
38%
Italy 213,814 Parma
38%
India Bihār 3,083,831 Patna
38%
Bulgaria 348,481 Plovdiv
38%
France Bretagne 456,355 Rennes
38%
Russia Juzhnyj 1,222,682 Rostov-na-Donu
38%
United States Georgia 355,599 Savannah
38%
Japan Tōhoku 1,474,198 Sendai
38%
Russia Krym 486,796 Sevastopol'
38%
Netherlands 959,042 s-Gravenhage
38%
United Kingdom England 384,398 Stoke-on-Trent
38%
China Ānhuī 971,537 Sùzhōu
38%
China Shānxī 4,651,342 Tàiyuán
38%
Taiwan ROC 2,594,129 Táizhōng
38%
Italy 204,362 Trieste
38%
Finland 294,470 Turku
38%
Bulgaria 332,936 Varna
38%
Mexico Veracruz de Ignacio de la Llave 656,957 Veracruz
38%
Spain 357,811 Vigo
38%
Tanzania Zanzibar 858,107 Zanzibar
38%
Spain 387,009 A Coruña
35%
United States Ohio 573,369 Akron
35%
Egypt Ǧanūb Ṣaʿīd Miṣr 299,927 Al-Uqṣur
35%
United States Texas 376,420 Amarillo
35%
United States Alaska 260,315 Anchorage
35%
Philippines Luzon 1,789,349 Angeles
35%
Peru 1,153,175 Arequipa
35%
Colombia 2,178,160 Barranquilla - Soledad
35%
India Madhya Pradesh 2,754,720 Bhopāl
35%
Burkina Faso 1,214,751 Bobo-Dioulasso
35%
Romania 273,026 Brașov
35%
Burundi 1,181,514 Bujumbura
35%
United States Florida 718,952 Cape Coral
35%
China Jílín 4,947,351 Chángchūn
35%
Belgium 367,751 Charleroi
35%
Russia Ural 1,243,753 Cheljabinsk
35%
Romania 296,602 Constanța
35%
United Kingdom England 401,507 Coventry
35%
South Korea 1,548,729 Daejeon
35%
Vietnam Duyên hải Nam Trung Bộ 1,271,771 Đà Nẵng
35%
Netherlands 330,481 Eindhoven
35%
Botswana 404,368 Gaborone
35%
Netherlands 224,999 Groningen
35%
Canada Nova Scotia 384,283 Halifax
35%
China Xīnjiāng 461,146 Hāmì
35%
Romania 302,152 Iași
35%
Russia Ural 1,614,108 Jekaterinburg
35%
DR Congo Kasaï-Central 1,670,721 Kananga
35%
India Uttar Pradesh 3,709,314 Kānpur
35%
DR Congo Tshopo 1,136,250 Kisangani
35%
India Kerala 1,309,559 Kochi
35%
Japan Shikoku 351,888 Kōchi
35%
Slovakia 243,246 Košice
35%
Russia Juzhnyj 1,250,426 Krasnodar
35%
Russia Siberiya 1,204,878 Krasnojarsk
35%
United States Washington 249,597 Lacey - Olympia
35%
China Gānsù 3,176,053 Lánzhōu
35%
Switzerland 363,129 Lausanne
35%
France Normandie 263,076 Le Havre
35%
United States Kentucky 407,176 Lexington
35%
Poland 376,316 Lublin
35%
Ukraine 433,868 Luhans'k
35%
Germany Hessen 514,690 Mainz - Wiesbaden
35%
Ukraine 440,830 Mariupol'
35%
Italy 226,392 Messina
35%
Mexico Baja California 849,216 Mexicali
35%
Pakistan Punjāb 2,620,864 Multān
35%
Germany Nordrhein-Westfalen 360,489 Münster
35%
Russia Severo-Zapadnyj 284,141 Murmansk
35%
France Grand Est 315,898 Nancy
35%
Brazil Rio Grande do Norte 996,121 Natal
35%
United Kingdom Wales 324,239 Newport
35%
United Kingdom England 262,523 Northampton
35%
United Kingdom England 238,628 Norwich
35%
Denmark 209,804 Odense
35%
Russia Siberiya 1,136,445 Omsk
35%
France Centre-Val de Loire 322,364 Orléans
35%
Pakistan Khyber Pakhtūnkhwā 1,962,617 Peshāwar
35%
United States Utah 731,704 Provo - Orem
35%
United Kingdom England 372,016 Reading
35%
United States Pennsylvania 343,969 Reading
35%
Russia Privolga 1,219,454 Samara
35%
Argentina 239,228 San Luis
35%
Côte d'Ivoire 232,653 San-Pédro
35%
Honduras 920,901 San Pedro Sula
35%
United States California 206,650 Santa Barbara
35%
United States California 326,846 Santa Rosa
35%
Russia Privolga 1,139,336 Saratov
35%
China Hébĕi 6,071,734 Shíjiāzhuāng
35%
Norway 259,437 Stavanger
35%
Taiwan ROC 1,136,079 Táinán
35%
Yemen 1,434,531 Ta'izz
35%
Finland 368,378 Tampere
35%
Romania 308,718 Timișoara
35%
France Centre-Val de Loire 393,457 Tours
35%
Laos 468,915 Viengchan
35%
United States Texas 205,161 Waco
35%
Indonesia Yogyakarta 1,820,818 Yogyakarta
35%
Nigeria Abia 984,328 Aba
31%
Mexico Aguascalientes 1,014,544 Aguascalientes
31%
United States Michigan 331,262 Ann Arbor
31%
Iraq 1,409,554 Arbīl
31%
Russia Juzhnyj 523,692 Astrakhan'
31%
Germany Bayern 438,049 Augsburg
31%
Germany Nordrhein-Westfalen 427,866 Bielefeld
31%
Germany Nordrhein-Westfalen 538,366 Bonn
31%
Italy 305,218 Cagliari
31%
Italy 576,182 Catania
31%
United States Tennessee 407,595 Chattanooga
31%
United Kingdom England 298,246 Derby
31%
United States North Carolina 332,631 Fayetteville
31%
United States Arkansas 413,931 Fayetteville - Springdale - Rogers
31%
Brazil Santa Catarina 1,021,361 Florianopolis
31%
DR Congo Nord-Kivu 685,109 Goma
31%
Pakistan Punjāb 3,057,283 Gujrānwāla
31%
South Korea 1,528,053 Gwangju
31%
South Korea 219,999 Gwangju
31%
Canada Ontario 759,874 Hamilton
31%
New Zealand 213,275 Hamilton
31%
China Nèi Mĕnggŭ 2,663,177 Hūhéhàotè
31%
Russia Siberiya 656,580 Irkutsk
31%
China Jílín 1,519,350 Jílín
31%
India Rājasthān 1,678,214 Jodhpur
31%
Afghanistan 718,688 Kandahār
31%
Lithuania 319,791 Kaunas
31%
United States Pennsylvania 418,178 Lancaster
31%
United States California 362,327 Lancaster - Palmdale
31%
United States Michigan 364,033 Lansing
31%
United States Texas 287,605 Laredo
31%
China Xīzàng/Tibet 721,258 Lāsà
31%
Spain 576,223 Las Palmas de Gran Canaria
31%
Belgium 568,557 Liege
31%
Germany Schleswig-Holstein 277,643 Lübeck
31%
Equatorial Guinea 636,687 Malabo
31%
Ukraine 489,793 Mykolaïv
31%
United States Oregon 677,281 Ogden - Layton
31%
Indonesia Sumatera Selatan 2,027,920 Palembang
31%
Suriname 401,938 Paramaribo
31%
United States Florida 420,458 Pensacola
31%
Thailand Southern 619,466 Phuket
31%
R Congo 1,224,310 Pointe-Noire
31%
Pakistan Balochistān 1,530,835 Quetta
31%
Germany Mecklenburg-Vorpommern 214,326 Rostock
31%
France Normandie 533,933 Rouen
31%
El Salvador 312,091 Santa Ana
31%
United States California 271,723 Santa Clarita
31%
United States Pennsylvania 392,239 Scranton
31%
United Kingdom England 332,932 Sunderland
31%
Indonesia Jawa Tengah 955,285 Surakarta
31%
Poland 413,351 Szczecin
31%
Mexico México 2,180,734 Toluca
31%
Norway 217,416 Trondheim
31%
Russia Tsentral'nyj 479,376 Tula
31%
Russia Privolga 1,178,999 Ufa
31%
Spain 376,257 Valladolid
31%
Chile 1,026,896 Valparaíso
31%
Brazil Goiás 504,206 Valparaiso de Goias - Gama - Novo Gama
31%
Italy 329,574 Verona
31%
China Nèi Mĕnggŭ 329,354 Wūlánhàotè
31%
United States Pennsylvania 276,989 York
31%
United States Ohio 385,207 Youngstown
31%
India Uttar Pradesh 2,023,287 Allahābād
27%
United States Pennsylvania 751,751 Allentown
27%
India Punjab 1,496,639 Amritsar
27%
India Bihār 444,966 Ara
27%
Venezuela Centro-Occidental 1,131,824 Barquisimeto
27%
Turkey 508,032 Batman
27%
Angola 666,143 Benguela
27%
Poland 315,471 Białystok
27%
France Normandie 261,244 Caen
27%
United States Iowa 213,960 Cedar Rapids
27%
India Chandīgarh 2,553,511 Chandīgarh
27%
Germany Sachsen 301,496 Chemnitz
27%
Thailand Northern 948,819 Chiang Mai
27%
United States California 673,484 Concord
27%
United States North Carolina 317,249 Concord
27%
South Africa Eastern Cape 462,808 East London
27%
Nigeria Enugu 850,668 Enugu
27%
United States Colorado 245,909 Fort Collins
27%
Romania 230,759 Galați
27%
United States Wisconsin 238,050 Green Bay
27%
United States South Carolina 387,271 Greenville
27%
France Auvergne-Rhône-Alpes 506,376 Grenoble
27%
Syria 370,350 Ḥamāh
27%
Somalia 1,437,668 Hargeysa
27%
Afghanistan 909,944 Herāt
27%
Mexico Sonora 880,131 Hermosillo
27%
Nigeria Kwara 1,379,951 Ilorin
27%
South Korea 289,412 Jeju
27%
Germany Baden-Württemberg 420,146 Karlsruhe
27%
Iraq 1,230,743 Kirkūk
27%
Russia Tsentral'nyj 452,706 Kursk
27%
China Sìchuān 1,253,071 Lúzhōu
27%
India Tamil Nādu 2,100,514 Madurai
27%
Germany Sachsen-Anhalt 274,565 Magdeburg
27%
Russia Severo-Kavkaz 868,679 Makhachkala
27%
Venezuela Central 1,128,493 Maracay
27%
Lesotho 401,947 Maseru
27%
Morocco 768,187 Meknès
27%
France Grand Est 311,421 Metz
27%
Italy 210,750 Modena
27%
United States Alabama 306,644 Montgomery
27%
United States Connecticut 561,456 New Haven
27%
Finland 218,556 Oulu
27%
Italy 257,904 Padova
27%
Spain 363,627 Pamplona
27%
Czechia 211,724 Plzeň
27%
China Yúnnán 377,859 Pŭ'ĕr
27%
France Grand Est 237,947 Reims
27%
Germany Saarland 326,556 Saarbrücken
27%
France Auvergne-Rhône-Alpes 399,023 Saint-Étienne
27%
Uzbekistan 735,451 Samarqand
27%
El Salvador 217,119 San Miguel
27%
Spain 418,810 San Sebastián
27%
Brazil Rio Grande do Sul 282,402 Santa Maria
27%
Spain 263,222 Santander
27%
Brazil São Paulo 1,162,176 Santos - São Vicente - Guarujá
27%
United States Florida 905,348 Sarasota - Bradenton
27%
Indonesia Jawa Tengah 3,334,565 Semarang
27%
United States Louisiana 311,888 Shreveport
27%
Russia Krym 378,560 Simferopol'
27%
Tunisia 505,541 Sūsah
27%
China Zhèjiāng 1,570,438 Táizhōu
27%
China Jiāngsū 1,434,085 Tàizhōu
27%
Peru 1,109,216 Trujillo
27%
Belarus 384,305 Viciebsk
27%
Spain 263,437 Vitoria-Gasteiz
27%
Brazil Espírito Santo 2,017,004 Vitoria - Serra - Vila Velha
27%
China Zhèjiāng 2,556,460 Wēnzhōu
27%
Canada Ontario 342,267 Windsor
27%
United States Massachusetts 525,870 Worcester
27%
Mexico Guerrero 704,997 Acapulco de Juárez
23%
Iran Kermānshāh 1,622,185 Ahvāz
23%
Spain 227,731 Almería
23%
China Liáoníng 1,590,995 Ānshān
23%
Chile 396,003 Antofagasta
23%
United States New Jersey 270,414 Atlantic City
23%
France Provence-Alpes-Côte d'Azur 455,608 Avignon
23%
China Nèi Mĕnggŭ 2,165,836 Bāotóu
23%
Equatorial Guinea 647,604 Bata
23%
Malawi 939,257 Blantyre
23%
Colombia 1,035,094 Bucaramanga
23%
DR Congo Sud-Kivu 1,047,022 Bukavu
23%
France Auvergne-Rhône-Alpes 322,203 Clermont-Ferrand
23%
Chile 751,779 Concepción
23%
Algeria 654,638 Constantine
23%
Romania 258,404 Craiova
23%
Turkey 1,036,247 Diyarbakır
23%
United States Pennsylvania 205,000 Erie
23%
United States Michigan 352,165 Flint
23%
Germany Baden-Württemberg 298,640 Freiburg im Breisgau
23%
Australia Victoria 313,360 Geelong
23%
Spain 273,530 Gijón
23%
China Guìzhōu 4,519,620 Guìyáng
23%
China Húnán 427,853 Guìyáng
23%
Israel 579,650 Hefa
23%
Syria 899,385 Ḥimṣ
23%
Vietnam Bắc Trung Bộ 452,707 Huế
23%
Russia Dal'nevostoch 338,640 Jakutsk
23%
Indonesia Papua 269,478 Jayapura
23%
Nigeria Plateau 1,181,057 Jos
23%
Turkey 1,157,064 Kayseri
23%
Ukraine 300,675 Kherson
23%
Bangladesh Khulna 1,160,475 Khulna
23%
United States Louisiana 310,694 Lafayette
23%
United States Florida 375,662 Lakeland
23%
France Pays de la Loire 254,791 Le Mans
23%
Brazil Alagoas 1,116,174 Maceió
23%
Nigeria Bornu 1,316,001 Maiduguri
23%
United Kingdom England 280,193 Milton Keynes
23%
United States California 396,782 Modesto
23%
China Jiāngxī 4,873,481 Nánchāng
23%
France Occitanie 222,788 Nîmes
23%
Japan Chūgoku 1,267,833 Okayama
23%
Nigeria Anambra 1,057,011 Onitsha
23%
United States California 404,823 Oxnard
23%
France Nouvelle-Aquitaine 205,467 Pau
23%
Russia Privolga 536,032 Penza
23%
United States Florida 518,780 Port St. Lucie
23%
India Gujarāt 1,930,140 Rājkot
23%
Russia Tsentral'nyj 531,346 Rjazan'
23%
Tunisia 565,311 Ṣafāqis
23%
Argentina 778,335 Salta
23%
Mexico Coahuila de Zaragoza 962,623 Saltillo
23%
Cuba 225,418 Santa Clara
23%
Argentina 601,805 Santa Fe de la Vera Cruz
23%
Kazakhstan 1,348,827 Shymkent
23%
United States South Dakota 225,062 Sioux Falls
23%
Russia Tsentral'nyj 318,415 Smolensk
23%
United States Indiana 358,791 South Bend
23%
Russia Severo-Kavkaz 671,223 Stavropol'
23%
Italy 202,724 Taranto
23%
Brazil Piauí 1,038,482 Teresina
23%
India Kerala 788,456 Thiruvananthapuram
23%
Netherlands 223,416 Tilburg
23%
Russia Siberiya 617,469 Tomsk
23%
Mexico Coahuila de Zaragoza 1,308,462 Torreón
23%
United States New Jersey 375,378 Trenton
23%
Russia Tsentral'nyj 418,944 Tver'
23%
Sweden 204,321 Uppsala
23%
India Gujarāt 2,494,009 Vadodara
23%
India Andhra Pradesh 2,206,380 Visākhapatnam
23%
Russia Tsentral'nyj 343,466 Vladimir
23%
Russia Dal'nevostoch 644,648 Vladivostok
23%
Russia Tsentral'nyj 1,106,005 Voronezh
23%
United States North Carolina 275,094 Wilmington
23%
Australia New South Wales 322,128 Wollongong
23%
China Jiāngsū 3,029,527 Xúzhōu
23%
Iraq 1,202,131 An-Najaf
19%
Turkey 481,587 Antakya
19%
Russia Severo-Zapadnyj 311,437 Arkhangel'sk
19%
Netherlands 252,036 Arnhem
19%
India West Bengal 2,399,563 Āsansol
19%
United States North Carolina 288,375 Asheville
19%
India Mahārāshtra 1,791,608 Aurangābād
19%
India Bihār 284,517 Aurangābād
19%
Brunei Darussalam 253,764 Bandar Seri Begawan
19%
China Tiānjīn 319,065 Băodí
19%
China Hébĕi 2,106,363 Băodìng
19%
Russia Tsentral'nyj 389,563 Belgorod
19%
Germany Niedersachsen 312,797 Braunschweig
19%
Italy 200,094 Brescia
19%
Poland 363,708 Bydgoszcz
19%
Angola 1,004,640 Cabinda
19%
Mexico Baja California Sur 264,437 Cabo San Lucas
19%
Brazil Mato Grosso do Sul 956,865 Campo Grande
19%
India Tamil Nādu 3,275,153 Coimbatore
19%
Mexico Durango 636,768 Durango
19%
Germany Thüringen 242,570 Erfurt
19%
Japan Chūbu 868,651 Fuji - Numazu
19%
Poland 241,189 Gdynia
19%
United States Mississippi 253,991 Gulfport
19%
Netherlands 214,449 Haarlem
19%
China Hăinán 2,620,495 Hăikŏu
19%
Japan Chūbu 751,913 Hamamatsu
19%
Vietnam Đồng bằng sông Hồng 1,036,963 Hải Phòng
19%
Peru 447,198 Iquitos
19%
India Madhya Pradesh 1,662,210 Jabalpur
19%
China Jiāngxī 510,845 Jí'ān
19%
China Jiāngxī 276,432 Jí'ān
19%
Brazil Paraíba 1,184,483 Joao Pessoa
19%
Malaysia 1,803,080 Johor Bahru
19%
Sri Lanka 342,846 Kandy
19%
Germany Hessen 290,418 Kassel
19%
United States Texas 294,538 Killeen
19%
Japan Kyūshū & Okinawa 1,212,337 Kitakyūshū
19%
Canada Ontario 597,613 Kitchener
19%
India Rājasthān 1,486,654 Kotā
19%
Malaysia 756,153 Kuching
19%
Argentina 956,280 La Plata
19%
Spain 382,512 Leganés-Getafe
19%
Netherlands 280,351 Leiden
19%
Cyprus 216,597 Lemesós
19%
China Shāndōng 3,179,147 Línyí
19%
Russia Tsentral'nyj 506,007 Lipetsk
19%
Brazil Paraná 722,082 Londrina
19%
India Punjab 2,282,619 Ludhiāna
19%
Indonesia Jawa Timur 1,290,200 Malang
19%
India Karnātaka 1,057,785 Mangalore
19%
India Uttar Pradesh 2,166,221 Meerut
19%
Turkey 1,036,703 Mersin
19%
Tanzania Lake 1,191,173 Mwanza
19%
India Karnātaka 1,391,233 Mysore
19%
India Mahārāshtra 2,302,285 Nāshik
19%
Russia Privolga 556,712 Orenburg
19%
United States Florida 465,630 Palm Coast - Daytona Beach - Port Orange
19%
Thailand Eastern 479,741 Pattaya
19%
Indonesia Sumatera Utara 349,926 Pematangsiantar
19%
United States Illinois 274,910 Peoria
19%
France Occitanie 260,128 Perpignan
19%
United Kingdom England 205,551 Peterborough
19%
United States New York 326,748 Poughkeepsie - Newburgh
19%
United Kingdom England 335,671 Preston
19%
Mexico Querétaro de Arteaga 1,154,047 Querétaro
19%
India Jhārkhand 1,804,556 Rānchi
19%
Italy 208,766 Rimini
19%
United States Illinois 317,187 Rockford
19%
Turkey 718,864 Samsun
19%
India Jammu & Kashmīr 1,688,464 Srīnagar
19%
Taiwan ROC 1,654,457 Táoyuán
19%
China Húnán 384,367 Táoyuán
19%
Senegal 1,257,388 Touba
19%
South Korea 1,011,872 Ulsan
19%
India Andhra Pradesh 1,930,500 Vijayawāda
19%
United States California 207,191 Visalia
19%
Nigeria Delta 1,288,577 Warri
19%
China Jiāngsū 2,209,466 Yángzhōu
19%
China Shāndōng 2,461,891 Yāntái
19%
Ukraine 744,141 Zaporizhzhia
19%
Nigeria Kaduna 1,004,821 Zaria
19%
China Shāndōng 2,888,138 Zībó
19%
Iraq 345,764 Al-Fallūjah
15%
Egypt Šamāl Ṣaʿīd Miṣr 549,870 Al-Fayyūm
15%
France Pays de la Loire 288,552 Angers
15%
France Auvergne-Rhône-Alpes 213,898 Annecy
15%
Brazil Sergipe 971,535 Aracaju
15%
Tanzania Northern 712,326 Arusha
15%
Egypt Wasaṭ Ṣaʿīd Miṣr 598,430 Asyūṭ
15%
Russia Tsentral'nyj 403,306 Brjansk
15%
Zimbabwe 626,788 Bulawayo
15%
Cuba 312,211 Camagüey
15%
Haiti 422,497 Cap-Haïtien
15%
Australia New South Wales 351,837 Central Coast
15%
China Jiāngsū 3,474,404 Chángzhōu
15%
Thailand Northern 234,565 Chiang Rai
15%
Thailand Eastern 544,007 Chonburi
15%
Indonesia Jawa Barat 1,041,745 Cirebon
15%
China Zhèjiāng 1,578,316 Cíxī
15%
Ecuador 451,666 Cuenca
15%
China Hēilóngjiāng 1,649,682 Dàqìng
15%
China Shānxī 1,922,392 Dàtóng
15%
China Qīnghăi 224,732 Dàtōng
15%
United States Iowa 306,924 Davenport
15%
United States Texas 465,095 Denton - Lewisville
15%
Ethiopia Dire Dawa 397,086 Dire Dawa
15%
United States Indiana 238,961 Evansville
15%
United States Texas 644,271 Frisco - McKinney
15%
Japan Tōhoku 294,189 Fukushima
15%
United States Georgia 338,493 Gainesville
15%
United States Florida 228,049 Gainesville
15%
Philippines Mindanao 677,086 General Santos
15%
Russia Severo-Kavkaz 307,537 Groznyj
15%
Cuba 212,463 Guantánamo
15%
India Madhya Pradesh 1,560,361 Gwalior
15%
Germany Sachsen-Anhalt 482,141 Halle
15%
Peru 352,873 Ica
15%
United States California 445,395 Indio
15%
Nigeria Ekiti 272,528 Ise
15%
Russia Tsentral'nyj 391,026 Ivanovo
15%
Russia Privolga 644,446 Izhevsk
15%
Spain 225,374 Jerez de la Frontera
15%
Russia Dal'nevostoch 643,162 Khabarovsk
15%
Russia Privolga 460,763 Kirov
15%
Zambia 727,603 Kitwe
15%
Malaysia 1,079,467 Kota Kinabalu
15%
India Kerala 761,530 Kozhikode
15%
Ukraine 616,996 Kryvyj Rih
15%
Western Sahara 262,507 Laâyoune
15%
Angola 1,062,160 Lubango
15%
China Hénán 2,447,514 Luòyáng
15%
Belarus 382,095 Mahiloǔ
15%
China Guăngdōng 1,387,177 Màomíng
15%
Argentina 699,828 Mar del Plata
15%
United Kingdom England 386,445 Middlesbrough
15%
Mexico Michoacán de Ocampo 812,447 Morelia
15%
France Grand Est 300,668 Mulhouse
15%
United States Tennessee 219,332 Murfreesboro
15%
United States South Carolina 352,274 Myrtle Beach
15%
Japan Chūbu 407,843 Nagano
15%
United States Idaho 202,352 Nampa
15%
Mozambique Nampula 918,691 Nampula
15%
Japan Kansai 543,801 Nara
15%
Argentina 448,471 Neuquén
15%
Mexico Sonora 297,455 Nogales
15%
India Puducherry 1,099,696 Puducherry
15%
Chile 230,613 Puerto Montt
15%
Philippines Luzon 245,518 Puerto Princesa
15%
Mexico Tamaulipas 706,584 Reynosa
15%
France Réunion 220,125 Saint-Denis
15%
Colombia 832,582 San José de Cúcuta
15%
Mexico San Luis Potosí 1,201,385 San Luis Potosí
15%
Argentina 1,099,472 San Miguel de Tucumán
15%
Brazil Rio de Janeiro 1,966,289 Sao Goncalo
15%
Nigeria Oyo 302,778 Shaki
15%
Japan Chūbu 621,888 Shizuoka
15%
India Mahārāshtra 1,130,537 Solāpur
15%
United Kingdom England 308,939 Southend-on-Sea
15%
China Hébĕi 2,667,877 Tángshān
15%
United States Texas 216,698 Texas City - Galveston
15%
Russia Privolga 706,573 Tol'jatti
15%
Turkey 336,184 Trabzon
15%
China Ānhuī 292,370 Wānzhǐ
15%
China Shāndōng 2,241,948 Wéifāng
15%
United States North Carolina 461,464 Winston-Salem
15%
China Ānhuī 1,751,393 Wúhú
15%
Germany Nordrhein-Westfalen 388,565 Wuppertal
15%
China Qīnghăi 1,813,402 Xīníng
15%
Côte d'Ivoire 268,344 Yamoussoukro
15%
Nigeria Ogun 948,080 Abeokuta
12%
Ethiopia Oromia 560,192 Adama
12%
Niger Agadez 231,743 Agadez
12%
Sudan 460,798 Al-Fāshir
12%
Saudi Arabia 839,982 Al-Hufūf
12%
India Uttar Pradesh 1,591,093 Alīgarh
12%
Brazil Goiás 418,340 Anapolis
12%
Japan Tōhoku 256,976 Aomori
12%
Argentina 308,689 Bahía Blanca
12%
Indonesia Lampung 1,331,063 Bandar Lampung
12%
India Uttar Pradesh 1,587,924 Bareilly
12%
Indonesia Kepulauan Riau 1,729,104 Batam
12%
France Nouvelle-Aquitaine 273,624 Bayonne
12%
Algeria 230,611 Béchar
12%
India Chhattīsgarh 1,375,339 Bhilai
12%
Mexico Campeche 261,453 Campeche
12%
China Hébĕi 843,288 Cāngzhōu
12%
Ghana 344,437 Cape Coast
12%
Spain 360,938 Castellón
12%
Russia Privolga 513,977 Cheboksary
12%
Ukraine 287,732 Chernihiv
12%
Venezuela Guayana 877,496 Ciudad Guayana
12%
United States Tennessee 226,149 Clarksville
12%
United States Texas 214,932 College Station
12%
El Salvador 219,513 Colón
12%
Venezuela Centro-Occidental 247,776 Coro
12%
Mexico Morelos 848,797 Cuernavaca
12%
Brazil Mato Grosso 928,932 Cuiaba
12%
Mexico Sinaloa 870,065 Culiacán
12%
Turkey 667,334 Denizli
12%
Spain 259,218 Elche
12%
Kenya Rift Valley 550,925 Eldoret
12%
Mexico Baja California 365,358 Ensenada
12%
Turkey 836,960 Eskişehir
12%
Madagascar 224,495 Fianarantsoa
12%
Indonesia Gorontalo 437,112 Gorontalo
12%
Mexico Zacatecas 341,959 Guadalupe - Zacatecas
12%
China Guăngxī 1,484,029 Guìlín
12%
India Assam 1,408,543 Guwāhāti
12%
Japan Hokkaidō 294,854 Hakodate
12%
Japan Kansai 629,914 Himeji
12%
Angola 803,963 Huambo
12%
Peru 483,346 Huancayo
12%
China Zhèjiāng 1,189,103 Húzhōu
12%
Chile 346,891 Iquique
12%
Jordan 1,116,083 Irbid
12%
Turkey 1,022,087 İzmit
12%
India Jhārkhand 1,908,312 Jamshedpur
12%
Russia Tsentral'nyj 595,971 Jaroslavl'
12%
Brazil Santa Catarina 636,552 Joinville
12%
Japan Kyūshū & Okinawa 588,965 Kagoshima
12%
United States Michigan 249,661 Kalamazoo
12%
Mali 270,421 Kayes
12%
Canada British Columbia 200,428 Kelowna
12%
Iran Mashhad 558,443 Kermān
12%
Iran Kermānshāh 1,028,949 Kermānshāh
12%
South Africa Northern Cape 287,836 Kimberley
12%
Germany Rheinland-Pfalz 276,927 Koblenz
12%
Malaysia 405,502 Kuala Terengganu
12%
Japan Kyūshū & Okinawa 936,377 Kumamoto
12%
Nigeria Nasarawa 271,184 Lafia
12%
China Shānxī 731,752 Línfén
12%
United States Massachusetts 284,398 Lowell
12%
Indonesia Sulawesi Utara 516,245 Manado
12%
Mexico Tamaulipas 567,606 Matamoros
12%
United States California 564,064 Menifee - Temecula - Murrieta
12%
Germany Nordrhein-Westfalen 340,892 Monchengladbach
12%
Spain 385,606 Móstoles-Alcorcón
12%
Russia Privolga 576,601 Naberezhnje Chelny
12%
China Sìchuān 1,366,697 Nánchōng
12%
China Jiāngsū 3,276,135 Nántōng
12%
Sudan 1,037,177 Nyālā
12%
Japan Kyūshū & Okinawa 469,885 Ōita
12%
Canada Ontario 358,487 Oshawa
12%
Germany Niedersachsen 213,508 Osnabrück
12%
Spain 275,981 Oviedo
12%
Nigeria Oyo 855,536 Oyo
12%
Indonesia Sulawesi Tengah 438,117 Palu
12%
Indonesia Kalimantan Barat 992,695 Pontianak
12%
Brazil Rondônia 516,568 Porto Velho
12%
Mexico Jalisco 279,029 Puerto Vallarta
12%
China Hēilóngjiāng 1,028,611 Qíqíhā'ĕr
12%
China Fújiàn 3,668,874 Quánzhōu
12%
China Guăngxī 238,029 Quánzhōu
12%
Poland 220,962 Radom
12%
India Chhattīsgarh 2,056,389 Raipur
12%
Indonesia Kalimantan Timur 1,334,156 Samarinda
12%
Venezuela Andino 392,204 San Cristóbal
12%
Mexico Chiapas 229,003 San Cristóbal de las Casas
12%
Colombia 527,837 Santa Marta
12%
Brazil Pará 221,601 Santarem
12%
Brazil São Paulo 1,018,057 São José dos Campos
12%
Pakistan Punjāb 1,102,446 Sargodha
12%
Iran Tehrān 347,951 Sārī
12%
Lebanon 338,470 Ṣaydā
12%
Pakistan Punjāb 1,406,011 Siālkot
12%
Cambodia 282,497 Siĕm Réab
12%
Mali 458,682 Sikasso
12%
Nigeria Sokoto 892,831 Sokoto
12%
Canada Ontario 289,529 St. Catharines
12%
Ukraine 265,401 Sumy
12%
China Jiāngsū 1,172,385 Sùqiān
12%
United Kingdom England 222,705 Swindon
12%
Bangladesh Sylhet 601,502 Sylhet
12%
Ghana 1,261,517 Takoradi - Sekondi
12%
Russia Tsentral'nyj 291,728 Tambov
12%
Egypt Ad-Delta 627,763 Ṭanṭā
12%
Indonesia Maluku Utara 241,080 Ternate
12%
Ukraine 240,545 Ternopil'
12%
Morocco 525,772 Tétouan
12%
Senegal 437,469 Thiès
12%
United States California 213,986 Thousand Oaks
12%
India Tamil Nādu 1,395,996 Tiruchirāppalli
12%
Russia Ural 965,358 Tjumen'
12%
Algeria 280,076 Tlemcen
12%
Madagascar 414,668 Toamasina
12%
Mexico Chiapas 639,762 Tuxtla Gutiérrez
12%
Brazil Minas Gerais 730,654 Uberlândia
12%
Russia Dal'nevostoch 441,535 Ulan-Udè
12%
Germany Baden-Württemberg 219,493 Ulm
12%
United States California 365,885 Victorville - Hesperia
12%
Ukraine 395,096 Vinnytsja
12%
Russia Severo-Kavkaz 325,514 Vladikavkaz
12%
China Shāndōng 1,437,843 Wēihăi
12%
China Guăngxī 698,056 Wúzhōu
12%
China Guăngxī 987,226 Yùlín
12%
China Shănxī 831,939 Yúlín
12%
Niger Zinder 509,464 Zinder
12%
Pakistan Khyber Pakhtūnkhwā 445,174 Abbottābad
8%
Saudi Arabia 292,879 Abhā
8%
Nigeria Ekiti 373,658 Ado Ekiti
8%
Japan Tōhoku 292,858 Akita
8%
Costa Rica 209,963 Alajuela
8%
Egypt Ǧanūb Ṣaʿīd Miṣr 222,160 Al-Ghurdaqah
8%
Egypt Qanāt as-Suwais 473,489 Al-Ismā'īliyah
8%
Palestinian Territories West Bank 314,686 Al-Khalīl
8%
Egypt Ad-Delta 778,585 Al-Manṣūrah
8%
China Hénán 1,270,222 Ānyáng
8%
South Korea 932,710 Anyang
8%
China Hénán 347,207 Ānyáng
8%
United States Wisconsin 254,203 Appleton
8%
Kazakhstan 568,186 Aqtóbe
8%
Israel 279,598 Ashdod
8%
Saudi Arabia 564,390 Aṭ-Ṭa'if
8%
Kazakhstan 290,788 Atyraý
8%
Egypt Qanāt as-Suwais 488,733 Az-Zaqāzīq
8%
Belarus 208,269 Babrujsk
8%
China Guăngxī 391,998 Băisè
8%
Indonesia Kalimantan Timur 789,982 Balikpapan
8%
Cameroon 539,719 Bamenda
8%
Bangladesh Barishal 463,559 Barishal
8%
Russia Siberiya 651,648 Barnaul
8%
United States Massachusetts 336,250 Barnstable Town
8%
Nigeria Bauchi 668,866 Bauchi
8%
China Guăngxī 721,707 Bĕihăi
8%
China Ānhuī 1,163,289 Bèngbù
8%
Morocco 238,825 Béni Mellal
8%
France Hauts-de-France 383,735 Béthune
8%
India Odisha 1,328,274 Bhubaneswar
8%
Brazil Santa Catarina 411,187 Blumenau
8%
Brazil Roraima 470,155 Boa Vista
8%
India Odisha 545,059 Brahmapur
8%
India Uttar Pradesh 445,861 Bulandshahr
8%
DR Congo Ituri 539,079 Bunia
8%
DR Congo Nord-Kivu 405,663 Butembo
8%
Uzbekistan 282,185 Buxoro
8%
Philippines Mindanao 974,025 Cagayan de Oro
8%
Nigeria Cross River 718,070 Calabar
8%
Brazil Paraíba 433,661 Campina Grande
8%
United States Ohio 356,470 Canton
8%
Brazil Rio Grande do Sul 541,966 Caxias do Sul
8%
China Húnán 1,175,475 Chángdé
8%
South Korea 748,015 Cheongju
8%
Russia Severo-Zapadnyj 306,372 Cherepovets
8%
Ukraine 282,019 Cherkasy
8%
China Nèi Mĕnggŭ 1,146,761 Chìfēng
8%
China Ānhuī 735,767 Chúzhōu
8%
Venezuela Guayana 434,291 Ciudad Bolívar
8%
Mexico Sonora 370,293 Ciudad Obregón
8%
Vietnam Đồng bằng sông Cửu Long 1,125,394 Cần Thơ
8%
Argentina 252,817 Comodoro Rivadavia
8%
United Kingdom England 207,349 Crawley
8%
China Liáoníng 742,428 Dāndōng
8%
India West Bengal 205,608 Dārjiling
8%
Yemen 380,971 Dhamār
8%
India Jhārkhand 1,835,368 Dhanbād
8%
France Hauts-de-France 502,709 Douai
8%
Egypt Ad-Delta 322,579 Dumyāṭ
8%
China Nèi Mĕnggŭ 718,618 È'ĕrduōsī
8%
Turkey 336,204 Erzurum
8%
South Africa Gauteng 856,656 Evaton
8%
Brazil Bahia 621,567 Feira de Santana
8%
Brazil São Paulo 375,351 Franca
8%
Japan Chūbu 305,666 Fukui
8%
China Jiāngxī 2,035,281 Gànzhōu
8%
Kenya North Eastern 251,251 Garissa
8%
Cameroon 550,249 Garoua
8%
Azerbaijan 347,467 Gəncə
8%
Nigeria Gombe 463,497 Gombe
8%
Haiti 456,324 Gonaïves
8%
China Guăngxī 1,002,031 Guìgăng
8%
Japan Tōhoku 223,120 Hachinohe
8%
Germany Nordrhein-Westfalen 345,823 Hagen
8%
China Jiāngsū 655,648 Hăi'ān
8%
North Korea 816,857 Hamhŭng
8%
China Hébĕi 2,262,436 Hándān
8%
China Xīnjiāng 366,497 Hétián
8%
China Shāndōng 1,494,978 Hézé
8%
Cuba 320,137 Holguín
8%
Ukraine 246,218 Horlivka
8%
China Guăngdōng 3,263,830 Huìzhōu
8%
United States West Virginia 200,157 Huntington
8%
Yemen 697,686 Ibb
8%
Nigeria Oyo 378,092 Iseyin
8%
Afghanistan 404,073 Jalālābād
8%
India Punjab 1,253,464 Jalandhar
8%
Taiwan ROC 252,028 Jiāyì
8%
Taiwan ROC 269,620 Jīlóng
8%
Ethiopia Oromia 305,066 Jima
8%
Nigeria Adamawa 429,855 Jimeta
8%
China Shāndōng 1,808,511 Jìníng
8%
Russia Privolga 324,580 Joshkar-Ola
8%
Brazil Minas Gerais 600,816 Juiz de Fora
8%
DR Congo Lomami 263,567 Kabinda
8%
China Hénán 1,283,257 Kāifēng
8%
Russia Tsentral'nyj 357,218 Kaluga
8%
Iran Tehrān 2,862,429 Karaj
8%
Indonesia Jawa Barat 1,101,339 Karawang
8%
Iraq 962,100 Karbalā'
8%
Uganda 324,157 Katabi - Entebbe
8%
Nigeria Katsina 675,757 Katsina
8%
Russia Siberiya 570,674 Kemerovo
8%
Morocco 566,901 Kénitra
8%
Saudi Arabia 625,562 Khamīs Mushaīṭ
8%
Ukraine 281,590 Khmel'nyts'kyj
8%
Kenya Nyanza 514,710 Kisumu
8%
Russia Dal'nevostoch 237,757 Komsomol'sk-na-Amure
8%
Germany Nordrhein-Westfalen 261,994 Krefeld
8%
Indonesia Nusa Tenggara Timur 552,595 Kupang
8%
Dominican Republic 279,283 La Romana
8%
Chile 509,398 La Serena
8%
China Jiāngsū 1,119,440 Liányúngăng
8%
DR Congo Haut-Katanga 681,013 Likasi
8%
China Guăngxī 2,379,781 Liŭzhōu
8%
Angola 762,548 Lobito - Catumbela
8%
Thailand Central 378,488 Lopburi
8%
Switzerland 249,280 Luzern
8%
Brazil Amapá 551,937 Macapá
8%
Russia Ural 421,566 Magnitogorsk
8%
Turkey 528,386 Malatya
8%
Turkey 411,229 Manisa
8%
Ecuador 292,686 Manta
8%
Spain 274,872 Marbella
8%
Brazil Paraná 583,684 Maringá
8%
Cameroon 441,744 Maroua
8%
Egypt Al-Iskandariyah 212,205 Marsā Maṭrūḥ
8%
Turkmenistan 361,330 Mary
8%
Japan Shikoku 528,894 Matsuyama
8%
Senegal 387,072 Mbour
8%
Nigeria Niger 575,556 Minna
8%
Libya 474,772 Miṣrātah
8%
Japan Kyūshū & Okinawa 404,673 Miyazaki
8%
India Uttar Pradesh 1,567,630 Morādābād
8%
Kenya Rift Valley 734,965 Nakuru
8%
Russia Severo-Kavkaz 270,005 Nal'chik
8%
Uzbekistan 862,121 Namangan
8%
China Hénán 1,574,189 Nányáng
8%
United States New Hampshire 237,035 Nashua
8%
Cameroon 347,793 Ngaoundéré
8%
Japan Chūbu 800,833 Niigata
8%
Russia Ural 345,006 Nizhniy Tagil
8%
Russia Juzhnyj 283,791 Novorossijsk
8%
Nigeria Enugu 324,351 Nsukka
8%
Mexico Tamaulipas 416,462 Nuevo Laredo
8%
Nigeria Oyo 468,342 Ogbomosho
8%
Nigeria Kogi 926,922 Okene
8%
Nigeria Ondo 502,409 Ondo
8%
Romania 200,324 Oradea
8%
Russia Tsentral'nyj 320,876 Orjol
8%
Bolivia 381,656 Oruro
8%
Nigeria Osun 967,801 Oshogbo
8%
South Africa Western Cape 284,705 Paarl
8%
Mexico Hidalgo 433,174 Pachuca de Soto
8%
Indonesia Riau 1,513,024 Pekanbaru
8%
Brazil Rio Grande do Sul 335,538 Pelotas
8%
Mozambique Cabo Delgado 289,657 Pemba
8%
Brazil Pernambuco 487,223 Petrolina - Juazeiro
8%
Kazakhstan 204,747 Petropavl
8%
China Hénán 1,113,965 Píngdĭngshān
8%
Peru 585,467 Piura
8%
Russia Severo-Kavkaz 219,949 Pjatigorsk
8%
Romania 218,163 Ploiești
8%
Nepal 626,150 Pokhara
8%
Brazil Paraná 372,772 Ponta Grossa
8%
Venezuela Insular 301,862 Porlamar
8%
Nigeria Yobe 257,241 Potiskum
8%
Peru 372,800 Pucallpa
8%
China Fújiàn 1,671,587 Pútián
8%
Egypt Ǧanūb Ṣaʿīd Miṣr 274,335 Qinā
8%
China Guăngdōng 1,280,423 Qīngyuăn
8%
Mozambique Zambézia 371,289 Quelimane
8%
Guatemala 306,946 Quetzaltenango
8%
Thailand Eastern 369,547 Rayong
8%
Brazil Acre 410,450 Rio Branco
8%
Ukraine 271,504 Rivne
8%
China Shāndōng 1,218,155 Rìzhào
8%
United States Virginia 224,719 Roanoke
8%
Morocco 358,758 Safi
8%
Japan Kyūshū & Okinawa 261,630 Saga
8%
India Uttar Pradesh 1,344,398 Sahāranpur
8%
Oman 395,131 Ṣalālah
8%
Malaysia 376,619 Sandakan
8%
Colombia 342,858 San Juan de Pasto
8%
United States California 255,933 San Rafael - Novato
8%
Russia Privolga 336,539 Saransk
8%
India Madhya Pradesh 456,314 Satna
8%
Mali 240,163 Ségou
8%
Algeria 385,375 Sétif
8%
China Húnán 740,183 Shàoyáng
8%
China Húnán 375,182 Shàoyáng
8%
India West Bengal 961,359 Shiliguri
8%
India Himāchal Pradesh 222,360 Shimla
8%
Turkey 401,888 Sivas
8%
South Africa Western Cape 302,524 Somerset West
8%
Peru 360,774 Tacna
8%
China Shāndōng 1,501,096 Tài'ān
8%
Ghana 779,192 Tamale
8%
Mexico Tamaulipas 727,642 Tampico
8%
Tanzania Northern 385,977 Tanga
8%
Spain 265,103 Tarragona
8%
Malaysia 363,846 Tawau
8%
Mexico Nayarit 429,745 Tepic
8%
Mozambique Tete 420,701 Tete
8%
India Kerala 315,957 Thrissur
8%
Japan Shikoku 498,441 Tokushima
8%
Madagascar 207,385 Toliara
8%
Poland 224,308 Toruń
8%
DR Congo Kasaï 1,077,830 Tshikapa
8%
Turkmenistan 349,365 Türkmenabat
8%
Brazil Minas Gerais 347,300 Uberaba
8%
India Rājasthān 733,000 Udaipur
8%
Russia Privolga 635,471 Ul'janovsk
8%
Japan Kantō 603,683 Utsunomiya
8%
France Hauts-de-France 345,660 Valenciennes
8%
Mexico Colima 329,162 Villa de Álvarez - Colima
8%
Russia Severo-Zapadnyj 319,315 Vologda
8%
China Chóngqìng 1,140,950 Wànzhōu
8%
United States Connecticut 248,224 Waterbury
8%
South Africa Free State 235,887 Welkom
8%
China Nèi Mĕnggŭ 415,477 Wūlánchábù
8%
Mexico Veracruz de Ignacio de la Llave 532,709 Xalapa-Enríquez
8%
China Jiāngxī 388,597 Xìnfēng
8%
China Jiāngsū 594,653 Xīnyí
8%
China Guăngdōng 443,092 Xìnyí
8%
China Jiāngsū 1,413,804 Yánchéng
8%
China Zhèjiāng 1,687,910 Yìwū
8%
China Hébĕi 1,382,291 Zhāngjiākŏu
8%
China Guăngdōng 1,509,405 Zhànjiāng
8%
China Jiāngsū 1,171,865 Zhènjiāng
8%
China Hénán 596,848 Zhōukŏu
8%
Nigeria Ebonyi 332,044 Abakaliki
4%
Chad 247,511 Abéché
4%
Venezuela Centro-Occidental 354,418 Acarigua-Araure
4%
Turkey 573,929 Adapazarı
4%
Sudan 385,362 Aḍ-Ḍu'ayn
4%
Turkey 275,818 Adıyaman
4%
Turkey 257,698 Afyonkarahisar
4%
China Xīnjiāng 533,524 Ākèsū
4%
Nigeria Ondo 663,492 Akure
4%
Iraq 651,703 Al-'Amārah
4%
Turkey 201,227 Alanya
4%
Spain 200,222 Alcalá de Henares
4%
Yemen 933,444 Al-Ḥudaydah
4%
Sudan 205,331 Al-Junaynah
4%
Saudi Arabia 290,590 Al-Kharj
4%
Iraq 490,092 Al-Kūt
4%
Syria 533,712 Al-Lādhiqiyah
4%
Yemen 502,904 Al-Mukallā
4%
Sudan 351,818 Al-Qaḍārif
4%
Sudan 639,795 Al-Ubayyiḍ
4%
Ecuador 241,024 Ambato
4%
Indonesia Maluku 583,777 Ambon
4%
Uzbekistan 611,429 Andijon
4%
Russia Siberiya 222,179 Angarsk
4%
China Húbĕi 292,698 Ānlù
4%
Algeria 465,743 Annaba
4%
France Auvergne-Rhône-Alpes 207,238 Annemasse
4%
United States California 349,338 Antioch
4%
Iran Kermānshāh 459,547 Arāk
4%
Russia Juzhnyj 201,463 Armavir
4%
Colombia 311,405 Armenia
4%
Iraq 352,210 Ar-Ramādī
4%
Japan Hokkaidō 326,522 Asahikawa
4%
Ghana 489,807 Ashaiman - Tema
4%
Iraq 890,992 As-Sulaymāniyah
4%
Ethiopia Sidama 474,160 Awasa
4%
Peru 249,182 Ayacucho
4%
Nigeria Bauchi 241,058 Azare
4%
Philippines Visayas 749,623 Bacolod
4%
Cameroon 429,607 Bafoussam
4%
Myanmar 352,315 Bago
4%
India West Bengal 998,831 Baharampur
4%
Pakistan Punjāb 918,791 Bahāwalpur
4%
China Jílín 375,849 Báichéng
4%
China Jílín 367,360 Báishān
4%
Turkey 335,816 Balıkesir
4%
Indonesia Aceh 359,720 Banda Aceh
4%
Iran Eṣfahān 587,939 Bandar-e 'Abās
4%
Egypt Šamāl Ṣaʿīd Miṣr 315,713 Banī Suwayf
4%
Indonesia Kalimantan Selatan 1,068,061 Banjarmasin
4%
China Shănxī 1,175,999 Băojī
4%
China Jiāngsū 407,910 Băoyīng
4%
Somalia 333,600 Barbara
4%
Venezuela Andino 366,305 Barinas
4%
United Kingdom England 238,710 Barnsley
4%
India Uttar Pradesh 251,940 Basti
4%
Philippines Luzon 484,013 Batangas
4%
Algeria 386,544 Batna
4%
Brazil São Paulo 395,694 Bauru
4%
Somalia 332,982 Baydhabo
4%
Israel 238,458 Be'er Sheva
4%
Mozambique Sofala 506,276 Beira
4%
Algeria 248,412 Béjaïa
4%
China Liáoníng 766,300 Bĕnxī
4%
India Bihār 446,354 Bhāgalpur
4%
India Rājasthān 379,674 Bharatpur
4%
Nepal 297,447 Bharatpur
4%
India Gujarāt 369,812 Bharūch
4%
India Tamil Nādu 386,227 Bhavāni
4%
India Mahārāshtra 330,800 Bīd
4%
Nigeria Niger 417,154 Bida
4%
India Rājasthān 895,713 Bīkāner
4%
China Guăngxī 392,353 Bīnyáng
4%
Nigeria Kebbi 271,744 Birnin Kebbi
4%
Algeria 296,871 Biskra
4%
Indonesia Sulawesi Utara 245,385 Bitung
4%
Russia Dal'nevostoch 243,672 Blagoveshchensk
4%
Algeria 681,764 Blida
4%
Somalia 212,282 Boosaaso
4%
Algeria 245,596 Bordj Bou Arreridj
4%
Côte d'Ivoire 652,327 Bouaké
4%
United States Washington 238,382 Bremerton
4%
United States Massachusetts 414,122 Brockton
4%
Cameroon 239,036 Buéa
4%
Colombia 255,806 Buenaventura
4%
Somalia 351,761 Burco
4%
Philippines Mindanao 276,421 Butuan
4%
Venezuela Zulia 310,883 Cabimas
4%
Brazil Rio de Janeiro 227,200 Cabo Frio
4%
Peru 257,698 Cajamarca
4%
Australia New South Wales 269,995 Campbelltown
4%
Brazil Rio de Janeiro 460,346 Campos dos Goytacazes
4%
China Zhèjiāng 615,245 Cāngnán
4%
China Hébĕi 384,470 Cáofēidiàn
4%
Costa Rica 242,006 Cartago
4%
Brazil Pernambuco 349,040 Caruaru
4%
Brazil Paraná 335,554 Cascavel
4%
Mexico Guanajuato 441,749 Celaya
4%
Turkey 386,570 Çerkezköy - Kapaklı
4%
France Auvergne-Rhône-Alpes 212,954 Chambéry
4%
South Korea 845,030 Changwon
4%
China Shānxī 1,104,191 Chángzhì
4%
India Bihār 390,441 Chāpra
4%
China Húnán 892,849 Chēnzhōu
4%
China Húbĕi 316,950 Chìbì
4%
Peru 735,089 Chiclayo
4%
Peru 408,654 Chimbote
4%
Mozambique Manica 501,632 Chimoio
4%
Pakistan Punjāb 379,962 Chinīot
4%
Zambia 206,559 Chipata
4%
Russia Dal'nevostoch 340,127 Chita
4%
Zimbabwe 382,913 Chitungwiza
4%
China Ānhuī 457,443 Chízhōu
4%
Algeria 313,442 Chlef
4%
North Korea 719,111 Ch'ŏngjin
4%
Paraguay 465,509 Ciudad del Este
4%
Turkey 282,069 Çorlu
4%
Argentina 429,922 Corrientes
4%
Mexico Morelos 224,003 Cuautla de Morelos
4%
Venezuela Oriental 408,550 Cumaná
4%
Bangladesh Chittagong 596,962 Cumilla
4%
Poland 245,554 Częstochowa
4%
China Guìzhōu 371,124 Dàfāng
4%
Iraq 397,074 Dahūk
4%
Côte d'Ivoire 320,037 Daloa
4%
Vietnam Tây Nguyên 222,500 Đà Lạt
4%
Egypt Al-Iskandariyah 352,578 Damanhūr
4%
Nigeria Yobe 488,035 Damaturu
4%
China Hăinán 475,403 Dānzhōu
4%
China Húbĕi 243,125 Dàwù
4%
China Sìchuān 1,291,866 Dázhōu
4%
India Uttarākhand 1,146,087 Dehra Dūn
4%
United States Florida 235,808 Deltona
4%
China Hénán 570,035 Dèngzhōu
4%
China Zhèjiāng 370,172 Déqīng
4%
Pakistan Punjāb 547,022 Dera Ghāzi Khān
4%
Pakistan Khyber Pakhtūnkhwā 263,302 Dera Ismāil Khān
4%
Ethiopia Amhara 311,702 Dese
4%
Iran Kermānshāh 332,951 Dezfūl
4%
China Shāndōng 948,920 Dézhōu
4%
China Hébĕi 604,080 Dìngzhōu
4%
Algeria 644,866 Djelfa
4%
China Liáoníng 376,033 Dōnggăng
4%
China Shāndōng 1,014,968 Dōngyíng
4%
India West Bengal 561,367 Durgāpur
4%
China Guìzhōu 392,916 Dūyún
4%
Nigeria Osun 244,221 Ede
4%
Nigeria Ekiti 380,491 Effon Alaiye
4%
Morocco 284,902 El Jadida
4%
Algeria 314,620 El Oued
4%
Venezuela Oriental 313,316 El Tigre
4%
South Africa Mpumalanga 306,940 eMalahleni
4%
China Guăngdōng 253,649 Ēnpíng
4%
China Húbĕi 745,001 Èzhōu
4%
Uzbekistan 440,631 Farg'ona
4%
India Uttar Pradesh 377,149 Fatehpur
4%
China Shāndōng 386,999 Fèixiàn
4%
China Zhèjiāng 379,975 Fènghuà
4%
Argentina 274,385 Formosa
4%
Brazil Paraná 256,513 Foz do Iguaçu
4%
China Fújiàn 376,377 Fúdĭng
4%
China Ānhuī 369,649 Fùnán
4%
China Liáoníng 850,981 Fùxīn
4%
China Ānhuī 1,324,837 Fùyáng
4%
Côte d'Ivoire 215,429 Gagnoa
4%
Nigeria Benue 320,448 Gboko
4%
Turkey 796,503 Gebze
4%
United Kingdom England 258,241 Gillingham
4%
South Korea 438,793 Gimhae
4%
India Uttar Pradesh 277,370 Gonda
4%
Ethiopia Amhara 469,794 Gonder
4%
Iran Tehrān 375,122 Gorgān
4%
South Korea 1,467,875 Goyang
4%
China Jiāngsū 368,722 Guànyún
4%
Venezuela Capital 442,654 Guarenas - Guatire
4%
China Guăngxī 694,182 Guìpíng
4%
Taiwan ROC 380,023 Guīshān
4%
India Andhra Pradesh 980,784 Guntūr
4%
India West Bengal 366,510 Hābra
4%
Pakistan Punjāb 375,123 Hāfizābād
4%
United States Maryland 216,149 Hagerstown
4%
China Húnán 380,798 Hànshòu
4%
Germany Baden-Württemberg 219,082 Heilbronn
4%
China Húnán 380,750 Héngnán
4%
China Hébĕi 995,245 Héngshuĭ
4%
China Húnán 1,219,818 Héngyáng
4%
China Húnán 402,612 Héngyáng
4%
China Jiāngsū 1,882,599 Huái'ān
4%
China Ānhuī 1,303,067 Huáibĕi
4%
China Ānhuī 1,259,939 Huáinán
4%
China Ānhuī 376,412 Huáiyuăn
4%
China Shāndōng 372,337 Huántái
4%
India Karnātaka 1,103,491 Hubli
4%
China Liáoníng 796,891 Húlúdăo
4%
China Nèi Mĕnggŭ 470,150 Hūlúnbèi'ĕr
4%
Colombia 520,194 Ibagué
4%
Nigeria Osun 477,141 Ife
4%
Nigeria Ogun 487,787 Ijebu Ode
4%
Nigeria Lagos 877,822 Ikorodu
4%
Brazil Maranhão 259,214 Imperatriz
4%
Brazil Minas Gerais 336,489 Ipatinga
4%
Malaysia 996,918 Ipoh
4%
Mexico Guanajuato 531,096 Irapuato
4%
Turkey 310,585 İskenderun
4%
Ukraine 273,869 Ivano-Frankivs'k
4%
Nigeria Taraba 251,400 Jalingo
4%
Indonesia Jambi 877,057 Jambi
4%
India Jammu & Kashmīr 977,958 Jammu
4%
India West Bengal 380,807 Jangipur
4%
South Korea 706,590 Jeonju
4%
China Jiāngsū 384,937 Jiànhú
4%
China Hénán 924,014 Jiāozuò
4%
China Zhèjiāng 1,327,660 Jiāxīng
4%
China Zhèjiāng 1,145,198 Jīnhuá
4%
China Guìzhōu 309,620 Jīnshā
4%
China Liáoníng 1,041,243 Jĭnzhōu
4%
China Hébĕi 262,934 Jìnzhōu
4%
China Jiāngxī 1,033,790 Jiŭjiāng
4%
China Tiānjīn 417,885 Jìzhōu
4%
Indonesia Jawa Timur 375,477 Jombang
4%
Brazil Ceará 321,565 Juazeiro do Norte
4%
Peru 341,191 Juliaca
4%
Brazil São Paulo 652,910 Jundiaí
4%
DR Congo Haut-Lomami 441,311 Kamina
4%
Japan Chūbu 674,971 Kanazawa
4%
Guinea 280,667 Kankan
4%
India Kerala 1,003,652 Kannur
4%
Senegal 342,658 Kaolack
4%
India Tamil Nādu 376,695 Karūr
4%
Zambia 214,253 Kasama
4%
China Xīnjiāng 416,505 Kāshí
4%
Japan Kansai 378,847 Kashihara
4%
Sudan 357,152 Kassalā
4%
India Bihār 378,413 Katihār
4%
China Xīnjiāng 363,596 Kèlāmăyī
4%
Indonesia Sulawesi Tenggara 512,844 Kendari
4%
Sierra Leone 290,959 Kenema
4%
United States Washington 286,408 Kennewick - Pasco - Richland
4%
India Telangana 378,624 Khammam
4%
Palestinian Territories Gaza Strip 367,345 Khān Yūnis
4%
Thailand Northeastern 606,805 Khon Kaen
4%
Iran Kermānshāh 389,030 Khoram Ābād
4%
Tanzania Western 271,236 Kigoma
4%
DR Congo Kwilu 540,505 Kikwit
4%
DR Congo Maniema 266,945 Kindu
4%
Somalia 506,669 Kismaayo
4%
United States Florida 482,925 Kissimmee - St. Cloud
4%
DR Congo Lualaba 641,096 Kolwezi
4%
China Xīnjiāng 508,938 Kù'ĕrlè
4%
Angola 669,006 Kuito
4%
Malaysia 387,512 Kulai
4%
Honduras 253,262 La Ceiba
4%
Thailand Northern 204,101 Lampang
4%
Thailand Northern 295,127 Lamphun
4%
China Hébĕi 1,007,747 Lángfāng
4%
China Shāndōng 464,687 Lánlíng
4%
Argentina 248,357 La Rioja
4%
France Guadeloupe 218,006 Les Abymes
4%
China Sìchuān 843,345 Lèshān
4%
China Guăngdōng 467,904 Liánjiāng
4%
China Fújiàn 366,560 Liánjiāng
4%
China Shāndōng 1,162,239 Liáochéng
4%
China Húbĕi 387,377 Lìchuān
4%
China Ānhuī 387,684 Língbì
4%
China Hénán 614,556 Línzhōu
4%
Philippines Luzon 390,125 Lipa
4%
China Guìzhōu 963,798 Liùpánshuĭ
4%
China Húnán 981,952 Liúyáng
4%
Ecuador 208,367 Loja
4%
Nigeria Kogi 306,362 Lokoja
4%
China Fújiàn 808,561 Lóngyán
4%
Mexico Sinaloa 325,263 Los Mochis
4%
Angola 538,261 Luena
4%
Madagascar 262,956 Mahajanga
4%
Nigeria Benue 404,117 Makurdi
4%
Angola 846,112 Malanje
4%
India Kerala 239,492 Malappuram
4%
Egypt Šamāl Ṣaʿīd Miṣr 237,987 Mallawī
4%
Colombia 446,955 Manizales
4%
Pakistan Khyber Pakhtūnkhwā 371,448 Mardān
4%
Somalia 540,657 Marka
4%
DR Congo Kongo Central 417,525 Matadi
4%
India Uttar Pradesh 807,757 Mathura
4%
Venezuela Oriental 560,284 Maturín
4%
India Uttar Pradesh 443,802 Mau
4%
Afghanistan 652,069 Mazār-e Sharīf
4%
Mexico Sinaloa 465,089 Mazatlán
4%
DR Congo Équateur 477,969 Mbandaka
4%
Angola 271,584 M'banza-Kongo
4%
Tanzania South West Highlands 605,206 Mbeya
4%
United States Illinois 271,802 McHenry - Round Lake Beach - Grayslake
4%
Ethiopia Tigray 535,194 Mekele
4%
Malaysia 661,372 Melaka
4%
Angola 325,590 Menongue
4%
China Sìchuān 1,702,464 Miányáng
4%
South Africa Mpumalanga 271,352 Middelburg
4%
Pakistan Khyber Pakhtūnkhwā 371,605 Mingora
4%
United States California 680,943 Mission Viejo - Lake Forest
4%
Angola 405,262 Moçâmedes
4%
Brazil São Paulo 445,124 Mogi das Cruzes
4%
Morocco 255,017 Mohammédia
4%
Mexico Coahuila de Zaragoza 331,180 Monclova
4%
Colombia 407,513 Montería
4%
Brazil Minas Gerais 417,112 Montes Claros
4%
Myanmar 283,058 Monywa
4%
Japan Tōhoku 361,158 Morioka
4%
Tanzania Eastern 498,450 Morogoro
4%
Tanzania Northern 247,647 Moshi
4%
Chad 220,707 Moundou
4%
South Africa Eastern Cape 220,560 Mthatha
4%
Malawi 273,217 Mzuzu
4%
Mozambique Nampula 314,327 Nacala Porto
4%
Kenya Rift Valley 237,121 Naivasha
4%
Saudi Arabia 417,472 Najrān
4%
North Korea 246,364 Namp'o
4%
South Korea 369,559 Namyangju
4%
China Chóngqìng 377,448 Nánchuān
4%
India Mahārāshtra 791,669 Nānded
4%
Pakistan Sindh 371,081 Nawābshāh
4%
Zambia 642,529 Ndola
4%
Colombia 362,197 Neiva
4%
Vietnam Duyên hải Nam Trung Bộ 359,404 Nha Trang
4%
China Fújiàn 484,796 Níngdé
4%
China Jiāngxī 394,947 Níngdū
4%
China Hébĕi 367,318 Níngjìn
4%
China Shāndōng 307,504 Níngjīn
4%
China Shāndōng 367,321 Níngyáng
4%
Russia Privolga 236,692 Nizhnekamsk
4%
Guinea 284,635 Nzérékoré
4%
Angola 228,458 Ondjiva
4%
Kazakhstan 258,312 Oral
4%
Russia Privolga 220,033 Orsk
4%
Nigeria Benue 235,040 Otukpo
4%
Morocco 625,372 Oujda
4%
Indonesia Sumatera Barat 1,242,268 Padang
4%
India Kerala 384,162 Palakkad
4%
India Rājasthān 297,594 Pāli
4%
Colombia 265,038 Palmira
4%
Benin 439,820 Parakou
4%
Argentina 297,024 Paraná
4%
Malaysia 392,917 Pasir Gudang
4%
Kazakhstan 333,372 Pavlodar
4%
Indonesia Jawa Tengah 381,160 Pemalang
4%
Colombia 639,622 Pereira - Dosquebradas
4%
Brazil Rio de Janeiro 295,941 Petropolis
4%
Russia Severo-Zapadnyj 243,285 Petrozavodsk
4%
South Africa KwaZulu-Natal 584,275 Pietermaritzburg
4%
Taiwan ROC 205,388 Píngdōng
4%
Brazil São Paulo 427,392 Piracicaba
4%
Mexico Quintana Roo 350,838 Playa del Carmen
4%
South Korea 415,045 Pohang
4%
South Africa Limpopo 512,669 Polokwane
4%
Ukraine 293,890 Poltava
4%
Argentina 412,477 Posadas
4%
Bolivia 262,358 Potosí
4%
Brazil São Paulo 247,984 Presidente Prudente
4%
China Liáoníng 387,409 Pŭlándiàn
4%
Venezuela Centro-Occidental 292,847 Punto Fijo
4%
China Hénán 1,402,796 Púyáng
4%
Uzbekistan 361,086 Qarshi
4%
Iran Tehrān 423,165 Qazvīn
4%
China Guìzhōu 381,851 Qiánxī
4%
China Hébĕi 211,485 Qiānxī
4%
China Sìchuān 368,454 Qiónglái
4%
China Yúnnán 1,082,271 Qŭjìng
4%
Palestinian Territories Gaza Strip 262,399 Rafaḥ
4%
India Andhra Pradesh 600,160 Rājahmundry
4%
Chile 360,832 Rancagua
4%
Bangladesh Rangpur 435,457 Rangpur
4%
China Guăngdōng 388,837 Ráopíng
4%
Iran Tabrīz 729,272 Rasht
4%
Argentina 480,750 Resistencia
4%
Brazil São Paulo 792,416 Ribeirão Preto
4%
Colombia 203,687 Riohacha
4%
South Africa North West 478,498 Rustenburg
4%
China Hénán 522,234 Rŭzhōu
4%
Pakistan Punjāb 649,246 Sāhīwal
4%
Haiti 246,317 Saint-Marc
4%
Thailand Northeastern 203,011 Sakon Nakhon
4%
Argentina 240,176 San Fernando del Valle de Catamarca
4%
Turkey 891,652 Şanlıurfa
4%
China Fújiàn 391,968 Sānmíng
4%
Philippines Luzon 254,126 San Pablo
4%
Brazil São Paulo 266,995 São Carlos
4%
North Korea 383,248 Sariwŏn
4%
Angola 513,695 Saurimo
4%
Egypt Ǧanūb Ṣaʿīd Miṣr 291,534 Sawhāj
4%
South Korea 322,662 Sejong
4%
Indonesia Banten 890,787 Serang
4%
Taiwan ROC 413,139 Shālù - Lóngjǐng - Qīngshuǐ - Wúqī - Dàdù
4%
China Hénán 366,888 Shàngcài
4%
China Hénán 1,171,641 Shāngqiū
4%
China Jiāngxī 1,489,200 Shàngráo
4%
China Shāndōng 392,714 Shēnxiàn
4%
China Húnán 290,085 Shímén
4%
China Húbĕi 1,023,336 Shíyàn
4%
China Hēilóngjiāng 368,691 Shuāngyāshān
4%
China Jiāngsū 1,062,994 Shùyáng
4%
Malaysia 200,116 Sibu
4%
Algeria 280,419 Sidi bel Abbès
4%
China Jílín 480,031 Sìpíng
4%
Thailand Eastern 331,893 Si Racha
4%
India Uttar Pradesh 348,215 Sītāpur
4%
India Tamil Nādu 375,141 Sivakāsi
4%
China Ānhuī 367,912 Sìxiàn
4%
Germany Nordrhein-Westfalen 252,642 Solingen
4%
Tanzania Southern Highlands 291,491 Songea
4%
Thailand Southern 348,573 Songkhla
4%
Brazil São Paulo 875,155 Sorocaba
4%
Indonesia Papua Barat 221,756 Sorong
4%
South Africa Gauteng 1,237,020 Soshanguve
4%
Angola 248,915 Soyo
4%
United States South Carolina 205,555 Spartanburg
4%
Angola 296,270 Sumbe
4%
Russia Ural 435,238 Surgut
4%
Russia Severo-Zapadnyj 209,579 Syktyvkar
4%
Saudi Arabia 652,407 Tabūk
4%
Russia Juzhnyj 256,279 Taganrog
4%
Niger Tahoua 251,123 Tahoua
4%
China Guăngdōng 443,439 Táishān
4%
Japan Shikoku 465,702 Takamatsu
4%
China Húnán 393,015 Táojiāng
4%
Indonesia Kalimantan Utara 314,779 Tarakan
4%
Kazakhstan 391,043 Taraz
4%
Indonesia Jawa Barat 1,201,716 Tasikmalaya
4%
Brazil São Paulo 383,979 Taubaté
4%
Chile 347,805 Temuco
4%
China Shāndōng 980,443 Téngzhōu
4%
Spain 227,091 Terrassa
4%
Algeria 261,387 Tiaret
4%
India Tamil Nādu 1,733,255 Tiruppūr
4%
China Jílín 392,897 Tōnghuà
4%
China Ānhuī 653,811 Tónglíng
4%
Taiwan ROC 221,590 Tóufèn - Zhúnán
4%
Japan Kantō 257,300 Tsukuba
4%
Japan Kansai 464,203 Tsu - Suzuka
4%
Angola 423,547 Uige
4%
South Africa Eastern Cape 334,577 Uitenhage
4%
Mexico Michoacán de Ocampo 340,700 Uruapan del Progreso
4%
DR Congo Sud-Kivu 469,812 Uvira
4%
Nigeria Akwa Ibom 569,482 Uyo
4%
Colombia 548,591 Valledupar
4%
Russia Severo-Zapadnyj 222,676 Velikij Novgorod
4%
Mexico Tabasco 439,213 Villahermosa
4%
Colombia 502,051 Villavicencio
4%
Vietnam Bắc Trung Bộ 305,200 Vinh
4%
Brazil Bahia 320,039 Vitoria da Conquista
4%
Sudan 458,369 Wad Madanī
4%
Japan Kansai 402,726 Wakayama
4%
India Telangana 1,011,510 Warangal
4%
China Hébĕi 372,455 Wèixiàn
4%
China Hébĕi 218,279 Wēixiàn
4%
China Hăinán 369,022 Wénchāng
4%
North Korea 383,345 Wŏnsan
4%
China Gānsù 509,813 Wŭwēi
4%
China Ānhuī 415,558 Wúwéi
4%
China Hénán 372,755 Wŭzhì
4%
China Hébĕi 386,060 Xiānghé
4%
China Zhèjiāng 369,321 Xiàngshān
4%
China Húbĕi 1,756,450 Xiāngyáng
4%
China Shănxī 1,348,228 Xiányáng
4%
China Nèi Mĕnggŭ 363,558 Xīlínhàotè
4%
China Jiāngxī 374,565 Xīngguó
4%
China Hébĕi 1,609,535 Xíngtái
4%
China Hébĕi 411,231 Xīnjí
4%
China Húnán 261,956 Xīnníng
4%
China Hénán 1,379,150 Xīnxiāng
4%
China Hénán 214,585 Xīnxiāng
4%
China Hénán 1,145,450 Xìnyáng
4%
China Shānxī 416,171 Xīnzhōu
4%
Taiwan ROC 826,705 Xīnzhú
4%
China Jiāngxī 394,947 Xiūshuĭ
4%
China Hénán 901,123 Xŭchāng
4%
China Sìchuān 367,304 Yă'ān
4%
Japan Tōhoku 341,773 Yamagata
4%
Saudi Arabia 276,893 Yanbu' al-Baḥr
4%
China Guăngdōng 381,330 Yángchūn
4%
Taiwan ROC 201,814 Yángméi
4%
China Hénán 366,933 Yănshī
4%
Nigeria Bayelsa 425,885 Yenagoa
4%
China Sìchuān 1,228,931 Yíbīn
4%
China Húbĕi 1,350,840 Yíchāng
4%
China Níngxià 2,091,926 Yínchuān
4%
China Jiāngsū 382,118 Yízhēng
4%
China Zhèjiāng 728,848 Yŏngkāng
4%
China Fújiàn 212,668 Yóuxī
4%
China Húnán 381,210 Yōuxiàn
4%
China Hénán 366,515 Yuányáng
4%
China Húnán 1,182,299 Yuèyáng
4%
China Húnán 316,020 Yuèyáng
4%
China Shānxī 778,260 Yùnchéng
4%
China Shāndōng 584,284 Yùnchéng
4%
China Hénán 627,095 Yŭzhōu
4%
China Shāndōng 1,462,059 Zăozhuāng
4%
Taiwan ROC 313,337 Zhānghuà
4%
China Guăngdōng 1,110,279 Zhàoqìng
4%
China Chóngqìng 378,990 Zhōngxiàn
4%
China Guăngdōng 2,486,747 Zhūhăi
4%
Senegal 236,548 Ziguinchor
4%
China Guìzhōu 1,908,131 Zūnyì
4%
Iran Kermānshāh 302,443 Ābādān
0%
Iraq 238,718 Abū al-Kahṣīb
0%
China Hēilóngjiāng 319,072 Āchéng
0%
Sudan 288,784 Ad-Damazīn
0%
Iraq 470,073 Ad-Dīwāniyah
0%
India Andhra Pradesh 228,616 Ādoni
0%
Algeria 211,512 Aflou
0%
India Tripura 722,135 Agartala
0%
Brazil Goiás 243,536 Aguas Lindas de Goiás
0%
India Mahārāshtra 489,647 Ahmadnagar
0%
Pakistan Punjāb 228,933 Ahmadpur East
0%
India Mizoram 407,268 Āīzawl
0%
India Rājasthān 674,333 Ajmer
0%
Japan Kansai 685,997 Akashi - Kakogawa
0%
India Uttar Pradesh 232,020 Akbarpur
0%
India Mahārāshtra 578,704 Akola
0%
Turkey 247,677 Aksaray
0%
China Xīnjiāng 305,857 Ālā'ĕr
0%
India Kerala 343,254 Alappuzha
0%
Egypt Qanāt as-Suwais 209,750 Al-'Arīsh
0%
Syria 243,141 Al-Ḥasakah
0%
Iraq 532,519 Al-Ḥillah
0%
Kuwait 586,152 Al-Jahrā'
0%
Saudi Arabia 493,649 Al-Jubaīl
0%
Libya 251,810 Al-Khums
0%
Egypt Ad-Delta 645,103 Al-Maḥallah al-Kubrā
0%
Egypt Šamāl Ṣaʿīd Miṣr 317,435 Al-Minyā
0%
Malaysia 403,923 Alor Setar
0%
Syria 251,000 Al-Qāmishlī
0%
India Rājasthān 568,687 Alwar
0%
India Haryāna 498,304 Ambāla
0%
India Haryāna 271,492 Ambāla Sadar
0%
India Chhattīsgarh 206,382 Ambikāpur
0%
Brazil São Paulo 456,178 Americana - Santa Bárbara d'Oeste
0%
Iran Tehrān 269,053 Āmol
0%
India Mahārāshtra 815,325 Amrāvati
0%
India Uttar Pradesh 306,998 Amroha
0%
India Gujarāt 567,471 Ānand
0%
India Andhra Pradesh 514,831 Anantapur
0%
China Hébĕi 206,644 Ānguó
0%
China Húnán 283,435 Ānhuà
0%
China Zhèjiāng 399,659 Ānjí
0%
North Korea 265,793 Anju
0%
China Shănxī 554,515 Ānkāng
0%
India Gujarāt 238,889 Anklesvar
0%
Iraq 736,044 An-Nāṣiriyah
0%
China Yúnnán 453,162 Ānníng
0%
China Hébĕi 217,939 Ānpíng
0%
China Ānhuī 774,402 Ānqìng
0%
China Shāndōng 510,271 Ānqiū
0%
South Korea 688,835 Ansan
0%
China Guìzhōu 562,077 Ānshùn
0%
Madagascar 297,189 Antsirabe
0%
China Fújiàn 549,534 Ānxī
0%
China Sìchuān 310,935 Ānyuè
0%
El Salvador 466,398 Apopa
0%
Kazakhstan 294,623 Aqtaý
0%
Brazil São Paulo 201,756 Araçatuba
0%
Brazil Alagoas 218,840 Arapiraca
0%
Saudi Arabia 227,194 Ar'ar
0%
Brazil São Paulo 259,159 Araraquara
0%
Ethiopia Southern 201,827 Arba Minch
0%
Iran Tabrīz 546,573 Ardabīl
0%
Turkey 220,573 Arnavutköy
0%
Syria 257,598 Ar-Raqqah
0%
Iraq 252,696 Ash-Shaṭrah
0%
Iraq 322,858 As-Samāwah
0%
Pakistan Punjāb 231,887 Attock
0%
United States Georgia 352,013 Auburn
0%
India Uttar Pradesh 586,176 Auraiya
0%
Turkey 286,696 Aydın
0%
Libya 397,517 Az-Zāwiyah
0%
Iraq 308,132 Az-Zubayr
0%
Iran Tehrān 329,897 Bābol
0%
India Mahārāshtra 344,956 Badlapur
0%
Philippines Luzon 473,005 Baguio
0%
India Haryāna 245,082 Bahādurgarh
0%
Pakistan Punjāb 257,383 Bahāwalnagar
0%
Ethiopia Amhara 427,074 Bahir Dar
0%
India Uttar Pradesh 345,724 Bahraich
0%
China Gānsù 323,828 Báiyín
0%
Philippines Luzon 215,497 Balanga
0%
India Odisha 214,618 Bāleshwar
0%
India Uttar Pradesh 280,949 Ballia
0%
India West Bengal 268,229 Bālurghāt
0%
Thailand Central 203,294 Bang Pa-in
0%
Indonesia Kalimantan Selatan 563,351 Banjarbaru
0%
India West Bengal 231,227 Bānkura
0%
China Hénán 258,769 Băofēng
0%
China Yúnnán 414,060 Băoshān
0%
Iraq 261,218 Ba'qūbah
0%
India West Bengal 342,080 Bardhamān
0%
Tanzania Lake 302,056 Bariadi
0%
India West Bengal 259,824 Basīrhāt
0%
India Punjab 241,374 Batāla
0%
India Punjab 443,840 Bathinda
0%
China Nèi Mĕnggŭ 429,225 Bāyànnào'ĕr
0%
China Liáoníng 466,196 Bàyúquān
0%
China Sìchuān 646,148 Bāzhōng
0%
China Hébĕi 509,773 Bàzhōu
0%
Vietnam Đồng bằng sông Hồng 248,180 Bắc Ninh
0%
India Rājasthān 231,494 Beāwar
0%
India Bihār 783,661 Begusarāi
0%
China Hēilóngjiāng 205,976 Bĕi'ān
0%
China Guăngxī 555,533 Bĕiliú
0%
United States Maryland 215,096 Bel Air
0%
India Uttar Pradesh 207,692 Bela Pratāpgarh
0%
Somalia 285,938 Beledweyne
0%
India Karnātaka 837,429 Belgaum
0%
India Karnātaka 618,153 Bellary
0%
Indonesia Bengkulu 415,550 Bengkulu
0%
Morocco 203,028 Berrechid
0%
India Bihār 353,743 Bettiah
0%
India Odisha 285,178 Bhadrak
0%
India Gujarāt 778,677 Bhāvnagar
0%
India Rājasthān 493,595 Bhīlwāra
0%
India Andhra Pradesh 219,115 Bhīmavaram
0%
India Madhya Pradesh 337,889 Bhind
0%
India Rājasthān 332,367 Bhiwadi
0%
India Haryāna 276,583 Bhiwāni
0%
India Gujarāt 253,868 Bhuj
0%
India Mahārāshtra 278,722 Bhusāwal
0%
India Karnātaka 309,919 Bīdar
0%
India Bihār 520,677 Bihār
0%
India Karnātaka 471,363 Bijāpur
0%
China Guìzhōu 787,877 Bìjié
0%
India Uttar Pradesh 208,637 Bijnor
0%
India Chhattīsgarh 811,794 Bilāspur
0%
Ukraine 216,990 Bila Tserkva
0%
Egypt Qanāt as-Suwais 210,312 Bilbays
0%
China Jiāngsū 470,406 Bīnhăi
0%
Indonesia Sumatera Utara 279,080 Binjai
0%
China Shāndōng 725,372 Bīnzhōu
0%
Nepal 284,599 Birgunj
0%
Iran Mashhad 215,420 Bīrjand
0%
China Chóngqìng 650,445 Bìshān
0%
Ethiopia Oromia 278,045 Bishoftu
0%
China Hénán 344,800 Bìyáng
0%
Vietnam Đông Nam Bộ 310,704 Bến Cát
0%
China Hénán 216,163 Bó'ài
0%
China Guăngxī 677,210 Bóbái
0%
Bangladesh Rajshahi 453,864 Bogura
0%
Iran Mashhad 284,068 Bojnūrd
0%
Indonesia Jawa Timur 215,327 Bojonegoro
0%
India Jhārkhand 804,398 Bokāro Steel City
0%
China Guăngdōng 789,931 Bóluó
0%
DR Congo Kongo Central 240,838 Boma
0%
Nigeria Rivers 321,328 Bonny
0%
Somalia 282,274 Boorama
0%
Iran Kermānshāh 226,455 Borūjerd
0%
China Hébĕi 265,705 Bótóu
0%
China Shāndōng 355,056 Bóxīng
0%
China Ānhuī 841,823 Bózhōu
0%
Bangladesh Chittagong 334,858 Brahmanbaria
0%
India Uttar Pradesh 252,143 Budaun
0%
Nigeria Rivers 330,548 Buguma
0%
Iran Tabrīz 212,876 Būkān
0%
Malaysia 856,207 Bukit Mertajam
0%
Indonesia Sumatera Barat 246,215 Bukittinggi
0%
Iran Tehrān 311,110 Būmahen - Pardīs
0%
Tanzania Lake 211,811 Bunda
0%
Vietnam Tây Nguyên 304,776 Buôn Ma Thuột
0%
Saudi Arabia 493,257 Buraydah
0%
Pakistan Punjāb 407,771 Būrewāla
0%
India Madhya Pradesh 289,566 Burhānpur
0%
Iran Eṣfahān 253,995 Būshehr
0%
Nepal 220,781 Butwal
0%
India Bihār 218,498 Buxar
0%
Angola 200,129 Caala
0%
Philippines Luzon 294,797 Cabanatuan
0%
Venezuela Centro-Occidental 209,846 Cabudare
0%
Brazil Espírito Santo 204,960 Cachoeiro de Itapemirim
0%
Brazil Bahia 284,705 Camaçari
0%
China Shāndōng 645,238 Cáoxiàn
0%
Venezuela Capital 260,779 Catia La Mar
0%
China Guăngxī 414,416 Cénxī
0%
Pakistan Punjāb 241,751 Chakwāl
0%
China Húnán 250,995 Chálíng
0%
India Uttar Pradesh 208,821 Chandausi
0%
Bangladesh Chittagong 211,821 Chandpur
0%
India Mahārāshtra 402,626 Chandrapur
0%
China Ānhuī 592,782 Chángfēng
0%
China Hénán 432,249 Chánggĕ
0%
China Xīnjiāng 498,088 Chāngjí
0%
China Shāndōng 359,472 Chānglè
0%
China Hébĕi 251,777 Chānglí
0%
China Húnán 417,848 Chángníng
0%
China Chóngqìng 505,468 Chángshòu
0%
China Jiāngsū 1,320,162 Chángshú
0%
China Fújiàn 227,631 Chángtīng
0%
China Liáoníng 284,133 Chāngtú
0%
China Zhèjiāng 465,444 Chángxīng
0%
China Shāndōng 321,057 Chāngyì
0%
China Hénán 621,179 Chángyuán
0%
China Ānhuī 517,844 Cháohú
0%
China Liáoníng 610,165 Cháoyáng
0%
Bangladesh Rajshahi 206,919 Chapai Nawabganj
0%
Brazil Santa Catarina 230,884 Chapeco
0%
China Hébĕi 638,847 Chéngdé
0%
China Shănxī 222,888 Chénggù
0%
China Hăinán 340,168 Chéngmài
0%
China Shāndōng 305,246 Chéngwŭ
0%
South Korea 621,098 Cheonan
0%
Ukraine 300,367 Chernivtsi
0%
India Madhya Pradesh 248,709 Chhatarpur
0%
India Madhya Pradesh 285,356 Chhindwāra
0%
Chile 212,164 Chillán
0%
Mexico Guerrero 261,286 Chilpancingo de los Bravo
0%
Peru 227,233 Chincha Alta
0%
Zambia 281,680 Chingola
0%
China Shāndōng 312,319 Chípíng
0%
Pakistan Punjāb 209,319 Chishtiān
0%
India Karnātaka 221,480 Chitradurga
0%
India Andhra Pradesh 224,875 Chittoor
0%
Honduras 233,746 Choloma
0%
China Shànghăi 290,801 Chóngmíng
0%
China Húbĕi 230,523 Chóngyáng
0%
China Sìchuān 459,069 Chóngzhōu
0%
China Guăngxī 327,664 Chóngzuǒ
0%
South Korea 250,809 Chuncheon
0%
China Yúnnán 454,494 Chŭxióng
0%
Indonesia Jawa Barat 299,749 Cianjur
0%
Indonesia Jawa Barat 280,206 Ciawi
0%
Indonesia Jawa Barat 596,311 Cicurug
0%
Indonesia Jawa Barat 314,135 Cikampek
0%
Indonesia Jawa Tengah 254,711 Cilacap
0%
Indonesia Banten 764,034 Cilegon
0%
China Húnán 300,584 Cílì
0%
Indonesia Jawa Barat 226,567 Cipanas
0%
Mexico Campeche 215,000 Ciudad del Carmen
0%
Venezuela Zulia 221,260 Ciudad Ojeda
0%
China Hébĕi 245,570 Cíxiàn
0%
Mexico Veracruz de Ignacio de la Llave 272,458 Coatzacoalcos
0%
Guatemala 320,694 Cobán
0%
Turkey 277,047 Çorum
0%
Philippines Mindanao 335,111 Cotabato
0%
Brazil São Paulo 282,262 Cotia
0%
Bangladesh Chittagong 273,736 Cox's Bazar
0%
Brazil Santa Catarina 328,043 Criciuma
0%
India Tamil Nādu 288,075 Cuddalore
0%
India Odisha 901,660 Cuttack
0%
China Hébĕi 227,694 Dàchéng
0%
Pakistan Sindh 212,159 Dādu
0%
China Jiāngsū 413,702 Dàfēng
0%
Philippines Luzon 247,185 Dagupan
0%
India Gujarāt 237,854 Dāhod
0%
China Nèi Mĕnggŭ 207,808 Dálātè
0%
China Hébĕi 348,729 Dàmíng
0%
India Madhya Pradesh 238,796 Damoh
0%
China Hénán 413,182 Dānchéng
0%
China Ānhuī 399,554 Dàngshān
0%
China Húbĕi 235,423 Dāngyáng
0%
China Húbĕi 281,971 Dānjiāngkŏu
0%
China Jiāngsū 889,078 Dānyáng
0%
China Húnán 335,970 Dàoxiàn
0%
India Bihār 622,469 Darbhanga
0%
Morocco 204,085 Dar Bouazza
0%
Germany Hessen 254,865 Darmstadt
0%
China Liáoníng 303,968 Dàshíqiáo
0%
Pakistan Punjāb 249,734 Daska
0%
Philippines Luzon 750,217 Dasmariñas
0%
Turkmenistan 328,192 Daşoguz
0%
Nigeria Katsina 313,171 Daura
0%
India Karnātaka 567,243 Dāvanagere
0%
China Húbĕi 551,050 Dàyĕ
0%
China Sìchuān 285,706 Dàyì
0%
Syria 293,435 Dayr az-Zawr
0%
China Sìchuān 417,929 Dàzhú
0%
China Chóngqìng 568,348 Dàzú
0%
India Bihār 245,701 Dehrī
0%
China Fújiàn 331,190 Déhuà
0%
China Jílín 206,930 Déhuì
0%
China Guìzhōu 227,434 Déjiāng
0%
China Hénán 468,794 Dēngfēng
0%
India Jhārkhand 405,471 Deoghar
0%
India Uttar Pradesh 307,081 Deoria
0%
India Madhya Pradesh 399,550 Dewās
0%
China Sìchuān 630,307 Déyáng
0%
Nepal 222,604 Dhangadhi
0%
India Tamil Nādu 264,184 Dharmapuri
0%
India Rājasthān 244,935 Dhaulpur
0%
India Mahārāshtra 538,912 Dhule
0%
India West Bengal 608,549 Dhuliān
0%
China Chóngqìng 343,971 Diànjiāng
0%
India Assam 234,327 Dibrugarh
0%
India Nagaland 300,867 Dimāpur
0%
Bangladesh Rangpur 225,264 Dinajpur
0%
India Tamil Nādu 497,080 Dindigul
0%
China Gānsù 242,202 Dìngxī
0%
China Hébĕi 270,051 Dìngxīng
0%
China Ānhuī 331,637 Dìngyuăn
0%
Brazil Minas Gerais 252,967 Divinópolis
0%
China Húnán 202,950 Dōng'ān
0%
China Shāndōng 217,649 Dōng'ē
0%
China Hăinán 293,564 Dōngfāng
0%
China Jiāngsū 538,345 Dōnghăi
0%
China Húnán 365,778 Dòngkŏu
0%
China Shāndōng 495,836 Dōngmíng
0%
China Shāndōng 403,353 Dōngpíng
0%
China Jiāngsū 533,627 Dōngtái
0%
China Jiāngxī 256,741 Dōngxiāng
0%
China Zhèjiāng 833,451 Dōngyáng
0%
China Ānhuī 225,824 Dōngzhì
0%
Brazil Mato Grosso do Sul 222,278 Dourados
0%
China Guăngxī 312,716 Dū'ān
0%
China Jiāngxī 270,112 Dūchāng
0%
China Sìchuān 472,769 Dūjiāngyàn
0%
Philippines Visayas 225,956 Dumaguete
0%
Indonesia Riau 332,203 Dumai
0%
Angola 254,507 Dundo
0%
China Jílín 230,540 Dūnhuà
0%
Indonesia Riau 291,518 Duri
0%
Nigeria Jigawa 263,964 Dutse
0%
Turkey 230,234 Düzce
0%
Russia Privolga 225,786 Dzerzhinsk
0%
Turkey 429,467 Elâzığ
0%
Algeria 243,752 El Eulma
0%
India Andhra Pradesh 358,077 Elūru
0%
Brazil São Paulo 294,974 Embu das Artes
0%
China Sìchuān 261,481 Éméishān
0%
China Húbĕi 548,186 Ēnshī
0%
India Tamil Nādu 1,001,586 Erode
0%
Iran Tehrān 1,175,527 Eslāmshahr
0%
India Uttar Pradesh 248,180 Etah
0%
India Uttar Pradesh 450,489 Etāwah
0%
India Uttar Pradesh 625,960 Faizābād
0%
China Hénán 433,495 Fāngchéng
0%
China Guăngxī 460,748 Fángchénggăng
0%
China Hong Kong 288,809 Fanling-Sheung Shui
0%
United Kingdom England 271,255 Farnborough
0%
India Uttar Pradesh 466,557 Farrukhābād
0%
China Shāndōng 637,982 Féichéng
0%
China Hébĕi 231,495 Féixiāng
0%
China Jiāngxī 537,515 Fēngchéng
0%
China Liáoníng 254,367 Fèngchéng
0%
China Chóngqìng 288,541 Fēngdū
0%
China Hébĕi 312,080 Fēngfēng
0%
China Chóngqìng 399,053 Fèngjié
0%
China Hénán 308,988 Fēngqiū
0%
China Guăngdōng 267,544 Fēngshùn
0%
China Ānhuī 246,697 Fèngtái
0%
China Jiāngsū 538,136 Fēngxiàn
0%
China Ānhuī 362,680 Fèngyáng
0%
Bangladesh Chittagong 261,426 Feni
0%
China Shānxī 225,291 Fényáng
0%
India Uttar Pradesh 951,151 Fīrozābād
0%
India Punjab 224,607 Fīrozpur
0%
United States Massachusetts 336,895 Framingham
0%
Brazil São Paulo 345,142 Francisco Morato - Franco da Rocha
0%
United States Maryland 205,155 Frederick
0%
China Fújiàn 417,129 Fú'ān
0%
China Hénán 238,844 Fúgōu
0%
Japan Chūbu 437,033 Fujieda - Yaizu
0%
China Hēilóngjiāng 247,812 Fùjĭn
0%
Japan Chūgoku 535,018 Fukuyama
0%
China Chóngqìng 862,925 Fúlíng
0%
China Jiāngsū 489,755 Fùníng
0%
Nigeria Katsina 272,746 Funtua
0%
China Shănxī 311,095 Fùpíng
0%
China Fújiàn 835,249 Fúqīng
0%
China Liáoníng 1,207,385 Fŭshùn
0%
China Sìchuān 320,568 Fùshùn
0%
China Guăngxī 213,700 Fúsuí
0%
India Karnātaka 233,181 Gadag-Betigeri
0%
China Liáoníng 230,519 Gàizhōu
0%
Nigeria Borno 206,896 Gamboru
0%
DR Congo Lomami 238,410 Gandajika
0%
India Gujarāt 485,250 Gāndhīdhām
0%
India Rājasthān 320,841 Gangānagar
0%
India Rājasthān 201,261 Gangāpur
0%
China Gānsù 215,067 Gāngŭ
0%
China Jiāngsū 616,466 Gànyú
0%
China Jiāngxī 449,620 Gāo'ān
0%
China Hébĕi 522,308 Gāobēidiàn
0%
China Jiāngsū 253,375 Gāochún
0%
China Shāndōng 576,732 Gāomì
0%
China Shānxī 251,705 Gāopíng
0%
China Shāndōng 260,639 Gāotáng
0%
China Jiāngsū 446,148 Gāoyóu
0%
China Guăngdōng 532,649 Gāozhōu
0%
Mexico Nuevo León 257,669 García
0%
India Bihār 797,779 Gayā
0%
Tanzania Lake 253,897 Geita
0%
China Yúnnán 364,515 Gèjiù
0%
DR Congo Sud-Ubangi 317,209 Gemena
0%
South Korea 202,783 Geoje
0%
India Uttar Pradesh 261,051 Ghāzīpur
0%
Nepal 220,241 Ghorahi
0%
South Korea 434,265 Gimpo
0%
India Jhārkhand 306,527 Girīdīh
0%
Rwanda 294,735 Gisenyi
0%
India Gujarāt 281,031 Godhra
0%
Pakistan Punjāb 263,113 Gojra
0%
India Mahārāshtra 218,757 Gondia
0%
China Húbĕi 349,284 Gōng'ān
0%
China Hénán 555,691 Gŏngyì
0%
China Jílín 397,413 Gōngzhŭlĭng
0%
United States Arizona 535,969 Goodyear - Avondale - Phoenix West
0%
India Uttar Pradesh 1,253,307 Gorakhpur
0%
Brazil Minas Gerais 277,961 Governador Valadares
0%
Brazil Rio Grande do Sul 419,288 Gravataí
0%
India Uttar Pradesh 202,060 Greater Noida
0%
China Sìchuān 539,439 Guăng'ān
0%
China Ānhuī 342,189 Guăngdé
0%
China Sìchuān 412,587 Guănghàn
0%
China Yúnnán 247,768 Guăngnán
0%
China Shāndōng 366,432 Guăngráo
0%
China Hénán 278,092 Guāngshān
0%
China Húbĕi 422,605 Guăngshuĭ
0%
China Sìchuān 601,956 Guăngyuán
0%
China Jiāngsū 347,751 Guànnán
0%
China Shāndōng 332,127 Guānxiàn
0%
China Húbĕi 271,933 Gŭchéng
0%
China Hébĕi 221,885 Gùchéng
0%
India Tamil Nādu 207,989 Gudiyātham
0%
China Jiāngxī 319,713 Guìxī
0%
Pakistan Punjāb 751,264 Gujrāt
0%
China Sìchuān 244,350 Gŭlìn
0%
South Korea 349,459 Gumi
0%
India Madhya Pradesh 264,615 Guna
0%
South Korea 232,528 Gunsan
0%
Nigeria Zamfara 492,893 Gusau
0%
China Hénán 524,061 Gùshĭ
0%
China Níngxià 320,751 Gùyuán
0%
Nigeria Jigawa 217,173 Hadejia
0%
North Korea 306,542 Haeju
0%
Saudi Arabia 415,049 Ḥafar al-Bāṭin
0%
China Liáoníng 678,247 Hăichéng
0%
China Guăngdōng 549,989 Hăifēng
0%
Saudi Arabia 417,396 Ḥā'il
0%
China Zhèjiāng 882,969 Hăiníng
0%
China Zhèjiāng 327,331 Hăiyán
0%
China Shāndōng 306,658 Hăiyáng
0%
India Bihār 305,383 Hājīpur
0%
India West Bengal 222,882 Haldīa
0%
India Uttarākhand 426,966 Haldwāni
0%
Iran Kermānshāh 588,749 Hamadān
0%
China Shănxī 290,380 Hánchéng
0%
China Húbĕi 569,747 Hànchuān
0%
China Ānhuī 207,800 Hánshān
0%
China Shănxī 727,450 Hànzhōng
0%
India Uttar Pradesh 355,635 Hāpur
0%
India Uttar Pradesh 437,431 Hardoī
0%
India Uttarākhand 739,642 Hardwār
0%
Pakistan Punjāb 201,745 Hāsilpur
0%
India Karnātaka 267,153 Hassan
0%
India Uttar Pradesh 343,803 Hāthras
0%
Thailand Southern 674,361 Hat Yai
0%
India Jhārkhand 241,293 Hazārībāg
0%
China Hénán 597,113 Hèbì
0%
China Guăngxī 289,286 Héchí
0%
China Chóngqìng 815,444 Héchuān
0%
China Hēilóngjiāng 495,299 Hègăng
0%
China Hēilóngjiāng 201,868 Hēihé
0%
China Hébĕi 311,896 Héjiān
0%
China Sìchuān 310,160 Héjiāng
0%
China Shānxī 240,385 Héjīn
0%
United States California 204,574 Hemet
0%
China Húnán 215,969 Héngdōng
0%
China Guăngxī 418,909 Héngxiàn
0%
China Guăngxī 317,115 Hépŭ
0%
Israel 426,480 Herzliyya - Kefar Sava
0%
China Guăngdōng 348,818 Hèshān
0%
Nepal 211,759 Hetauda
0%
China Guăngdōng 729,992 Héyuán
0%
China Guăngxī 617,996 Hèzhōu
0%
United States North Carolina 201,511 Hickory
0%
Vietnam Đồng bằng sông Hồng 286,192 Hải Dương
0%
Japan Chūgoku 200,380 Higashihiroshima
0%
Dominican Republic 206,288 Higüey
0%
Vietnam Đông Nam Bộ 274,666 Hiệp Phước
0%
India Haryāna 468,256 Hisār
0%
Vietnam Đông Bắc Bộ 331,370 Hạ Long
0%
China Húbĕi 259,100 Hóng'ān
0%
China Shānxī 255,175 Hóngdòng
0%
China Húbĕi 310,773 Hónghú
0%
India Punjab 249,359 Hoshiārpur
0%
India Karnātaka 281,913 Hospet
0%
India Tamil Nādu 454,450 Hosūr
0%
China Hénán 258,675 Huáibīn
0%
China Húnán 614,593 Huáihuà
0%
China Guăngdōng 240,204 Huáijí
0%
China Hébĕi 236,017 Huáilái
0%
China Ānhuī 246,278 Huáiníng
0%
China Shānxī 273,550 Huáirén
0%
China Hénán 352,337 Huáiyáng
0%
China Hénán 398,074 Huángchuān
0%
China Húbĕi 397,885 Huánggāng
0%
China Hébĕi 521,313 Huánghuá
0%
China Húbĕi 396,067 Huángméi
0%
China Ānhuī 460,327 Huángshān
0%
China Húbĕi 696,880 Huángshí
0%
Peru 228,567 Huánuco
0%
China Húnán 314,598 Huáróng
0%
China Hénán 519,622 Huáxiàn
0%
China Guăngdōng 521,021 Huàzhōu
0%
China Fújiàn 618,092 Huì'ān
0%
China Jiāngxī 261,459 Huìchāng
0%
China Guăngdōng 690,710 Huìdōng
0%
China Guăngdōng 438,050 Huìlái
0%
China Guìzhōu 247,435 Huìshuĭ
0%
China Hénán 485,473 Huīxiàn
0%
China Yúnnán 331,119 Huìzé
0%
China Hénán 221,503 Huòjiā
0%
China Ānhuī 344,547 Huòqiū
0%
China Ānhuī 201,191 Huòshān
0%
South Korea 695,097 Hwaseong
0%
North Korea 228,776 Hyesan
0%
India Mahārāshtra 427,801 Ichalkaranji
0%
Tanzania Eastern 238,289 Ifakara
0%
Nigeria Ogun 349,397 Ijebu Igbo
0%
Nigeria Ondo 493,023 Ikare
0%
Nigeria Osun 231,082 Ikire
0%
Nigeria Osun 273,609 Ikirun
0%
South Korea 220,659 Iksan
0%
Iran Kermānshāh 203,493 Īlām
0%
Nigeria Ondo 224,524 Ile Oluji
0%
Nigeria Osun 426,083 Ilesha
0%
Philippines Mindanao 358,012 Iligan
0%
Philippines Visayas 711,326 Iloilo
0%
India Manipur 1,002,193 Imphāl
0%
Brazil São Paulo 269,526 Indaiatuba
0%
Indonesia Jawa Barat 317,945 Indramayu
0%
Turkey 257,103 İnegöl
0%
India West Bengal 314,255 Ingrāj Bāzār
0%
Turkey 261,592 Isparta
0%
Brazil Bahia 218,834 Itabuna
0%
Brazil Santa Catarina 231,518 Itajai
0%
Brazil São Paulo 402,362 Itaquaquecetuba
0%
Japan Tōhoku 316,480 Iwaki
0%
Nigeria Osun 270,195 Iwo
0%
Pakistan Sindh 250,060 Jacobābād
0%
India Mahārāshtra 706,649 Jālgaon
0%
India Mahārāshtra 398,471 Jālna
0%
India West Bengal 469,286 Jalpāiguri
0%
India Gujarāt 696,802 Jāmnagar
0%
Nepal 208,908 Janakpur
0%
Brazil Santa Catarina 201,962 Jaragua do Sul
0%
Pakistan Punjāb 212,823 Jarānwāla
0%
Indonesia Jawa Tengah 349,371 Jati - Kudus
0%
India Uttar Pradesh 353,007 Jaunpur
0%
India West Bengal 321,123 Jaynagar Mazilpur
0%
Indonesia Jawa Timur 888,780 Jember
0%
Indonesia Jawa Tengah 365,153 Jepara - Tahunan
0%
Bangladesh Khulna 265,137 Jessore
0%
Pakistan Punjāb 644,852 Jhang
0%
India Uttar Pradesh 710,761 Jhānsi
0%
Pakistan Punjāb 476,002 Jhelum
0%
China Hēilóngjiāng 716,446 Jiāmùsī
0%
China Zhèjiāng 248,203 Jiàndé
0%
China Sìchuān 230,396 Jiāng'ān
0%
China Chóngqìng 854,587 Jiāngjīn
0%
China Húbĕi 351,884 Jiānglíng
0%
China Zhèjiāng 317,092 Jiāngshān
0%
China Jiāngsū 1,425,253 Jiāngyīn
0%
China Sìchuān 409,540 Jiāngyóu
0%
China Húbĕi 532,059 Jiānlì
0%
China Fújiàn 235,362 Jiànōu
0%
China Liáoníng 206,366 Jiànpíng
0%
China Yúnnán 296,114 Jiànshuĭ
0%
China Sìchuān 666,810 Jiănyáng
0%
China Fújiàn 227,974 Jiànyáng
0%
China Shāndōng 681,638 Jiāozhōu
0%
China Zhèjiāng 536,093 Jiāshàn
0%
China Hénán 204,331 Jiáxiàn
0%
China Shāndōng 418,541 Jiāxiáng
0%
China Gānsù 319,121 Jiāyùguān
0%
China Ānhuī 337,723 Jièshŏu
0%
China Guăngdōng 200,683 Jiēxī
0%
China Shānxī 308,391 Jièxiū
0%
China Guăngdōng 1,246,953 Jiēyáng
0%
Algeria 220,839 Jijel
0%
Ethiopia Somali 252,420 Jijiga
0%
China Gānsù 249,930 Jīnchāng
0%
China Shānxī 602,076 Jìnchéng
0%
India Haryāna 265,978 Jīnd
0%
China Shănxī 270,748 Jìngbiān
0%
China Jiāngxī 572,701 Jĭngdézhèn
0%
China Yúnnán 412,024 Jĭnghóng
0%
China Jiāngsū 472,109 Jìngjiāng
0%
China Húbĕi 691,976 Jīngmén
0%
China Húbĕi 274,644 Jīngshān
0%
China Hébĕi 227,002 Jĭngxiàn
0%
China Húbĕi 962,092 Jīngzhōu
0%
South Korea 309,039 Jinju
0%
China Jiāngsū 418,762 Jīntán
0%
China Sìchuān 512,741 Jīntáng
0%
China Jiāngxī 361,242 Jìnxián
0%
China Shāndōng 442,987 Jīnxiāng
0%
China Zhèjiāng 254,767 Jìnyún
0%
China Ānhuī 223,337 Jīnzhài
0%
China Shānxī 807,167 Jìnzhōng
0%
Iran Mashhad 220,414 Jīroft
0%
China Húnán 353,956 Jíshŏu
0%
China Jiāngxī 223,985 Jíshuĭ
0%
China Gānsù 348,379 Jiǔquán
0%
China Jílín 231,339 Jiŭtái
0%
China Hēilóngjiāng 598,991 Jīxī
0%
China Hénán 539,930 Jìyuán
0%
Uzbekistan 240,551 Jizzax
0%
India Assam 248,892 Jorhāt
0%
China Shāndōng 425,510 Juànchéng
0%
Kenya Central 209,110 Juja
0%
India Gujarāt 414,414 Jūnāgadh
0%
China Shāndōng 352,496 Jŭnán
0%
China Jiāngsū 447,716 Jùróng
0%
China Shāndōng 525,041 Jŭxiàn
0%
China Shāndōng 479,259 Jùyĕ
0%
DR Congo Haut-Lomami 217,245 Kabondo-Dianda
0%
Zambia 286,391 Kabwe
0%
India Andhra Pradesh 438,849 Kadapa
0%
North Korea 253,256 Kaech'ŏn
0%
North Korea 263,664 Kaesŏng
0%
Nigeria Kaduna 223,978 Kafanchan
0%
Egypt Ad-Delta 204,989 Kafr ash-Shaykh
0%
Tanzania Lake 358,327 Kahama
0%
Turkey 613,145 Kahramanmaraş
0%
China Guìzhōu 608,711 Kăilĭ
0%
China Guăngdōng 446,201 Kāipíng
0%
India Haryāna 241,154 Kaithal
0%
China Guìzhōu 211,336 Kāiyáng
0%
China Liáoníng 261,825 Kāiyuán
0%
China Yúnnán 231,535 Kāiyuăn
0%
China Chóngqìng 669,007 Kāizhōu
0%
India Andhra Pradesh 561,444 Kākināda
0%
India Karnātaka 775,182 Kalaburagi
0%
Thailand Northeastern 256,860 Kalasin
0%
DR Congo Tanganyika 364,834 Kalemie
0%
Bangladesh Dhaka 321,829 Kaliakair
0%
India Mahārāshtra 2,213,824 Kalyan - Dombivli - Ulhasnagar
0%
Ukraine 243,561 Kam'jans'ke
0%
Pakistan Punjāb 308,033 Kāmoke
0%
India Tamil Nādu 345,706 Kānchipuram
0%
North Korea 318,141 Kanggye
0%
The Gambia 1,009,096 Kanifing
0%
India Tamil Nādu 304,906 Kāraikudi
0%
India Telangana 421,119 Karīmnagar
0%
India Haryāna 501,865 Karnāl
0%
DR Congo Lualaba 305,655 Kasaji
0%
Iran Eṣfahān 361,040 Kāshān
0%
Tanzania Western 246,194 Kasulu
0%
Pakistan Punjāb 609,264 Kasūr
0%
Indonesia Jawa Timur 438,652 Kebomas
0%
Indonesia Jawa Tengah 275,068 Kebumen
0%
Indonesia Jawa Timur 308,973 Kediri
0%
Eritrea 233,638 Keren
0%
Pakistan Sindh 214,941 Khaīrpur
0%
India Madhya Pradesh 315,224 Khandwa
0%
Pakistan Punjāb 295,387 Khānewāl
0%
Pakistan Punjāb 281,253 Khānpur
0%
India West Bengal 528,481 Kharagpur
0%
Morocco 235,184 Khouribga
0%
Tajikistan 240,947 Khujand
0%
India Uttar Pradesh 289,512 Khurja
0%
Tanzania Eastern 307,187 Kibaha
0%
Poland 211,455 Kielce
0%
North Korea 200,108 Kimch'aek
0%
DR Congo Haut-Katanga 215,906 Kipushi
0%
Indonesia Sumatera Utara 209,751 Kisaran
0%
India Rājasthān 260,003 Kishangarh
0%
India West Bengal 262,256 Koch Bihār
0%
Ghana 223,012 Koforidua
0%
Japan Chūbu 429,652 Kōfu
0%
Pakistan Khyber Pakhtūnkhwā 287,028 Kohāt
0%
Sierra Leone 207,924 Koidu City
0%
India Mahārāshtra 842,602 Kolhāpur
0%
India Kerala 407,146 Kollam
0%
DR Congo Tanganyika 213,718 Kongolo
0%
India Chhattīsgarh 420,011 Korba
0%
Côte d'Ivoire 349,985 Korhogo
0%
Japan Tōhoku 347,070 Koriyama
0%
Russia Tsentral'nyj 273,320 Kostroma
0%
Malaysia 508,060 Kota Bharu
0%
Indonesia Lampung 211,896 Kotabumi
0%
India Kerala 200,530 Kottayam
0%
Mali 297,290 Koutiala
0%
Ukraine 235,970 Kremenchuk
0%
India West Bengal 482,265 Krishnanagar
0%
Ukraine 228,730 Kropyvnyts'kyj
0%
Malaysia 538,113 Kuantan
0%
China Xīnjiāng 286,930 Kùchē
0%
China Xīnjiāng 250,189 Kuítún
0%
Japan Kantō 273,347 Kuki
0%
Malaysia 358,179 Kulim
0%
Cameroon 316,730 Kumba
0%
India Tamil Nādu 291,549 Kumbakonam
0%
Afghanistan 245,297 Kunduz
0%
Indonesia Jawa Barat 299,229 Kuningan
0%
China Jiāngsū 1,821,354 Kūnshān
0%
Russia Ural 304,687 Kurgan
0%
India Andhra Pradesh 660,681 Kurnool
0%
Japan Kyūshū & Okinawa 302,085 Kurume
0%
Sudan 332,393 Kūstī
0%
Turkey 261,514 Kütahya
0%
South Africa Mpumalanga 216,727 KwaGuqa - eMpumelelweni
0%
Panama 229,003 La Chorrera
0%
Algeria 237,607 Laghouat
0%
Venezuela Capital 238,030 La Guaira
0%
China Ānhuī 270,670 Lái'ān
0%
China Guăngxī 605,357 Láibīn
0%
China Shāndōng 786,538 Láiwú
0%
China Shāndōng 400,452 Láixī
0%
China Shāndōng 444,419 Láiyáng
0%
China Shāndōng 469,983 Láizhōu
0%
India Uttar Pradesh 348,485 Lakhīmpur
0%
India Uttar Pradesh 213,816 Lalitpur
0%
Indonesia Aceh 202,962 Langsa
0%
China Ānhuī 231,677 Lángxī
0%
China Sìchuān 320,397 Lángzhōng
0%
China Hénán 440,934 Lánkăo
0%
China Zhèjiāng 353,719 Lánxī
0%
China Húbĕi 249,217 Lăohékŏu
0%
China Hébĕi 269,198 Làotíng
0%
Pakistan Sindh 598,077 Lārkāna
0%
Myanmar 276,256 Lashio
0%
India Mahārāshtra 537,105 Lātūr
0%
United States Massachusetts 419,168 Lawrence
0%
China Guăngdōng 201,485 Lèchāng
0%
Philippines Luzon 290,935 Legazpi
0%
China Húnán 543,921 Lĕiyáng
0%
China Guăngdōng 431,372 Léizhōu
0%
China Shāndōng 207,324 Lèlíng
0%
China Húnán 266,245 Lĕngshuĭjiāng
0%
China Jiāngxī 349,928 Lèpíng
0%
China Sìchuān 211,016 Lèzhì
0%
China Chóngqìng 350,106 Liángpíng
0%
China Shāndōng 339,951 Liángshān
0%
China Jiāngsū 504,185 Liánshuĭ
0%
China Húnán 329,762 Liányuán
0%
China Liáoníng 772,051 Liáoyáng
0%
China Jílín 413,056 Liáoyuán
0%
China Liáoníng 211,402 Liáozhōng
0%
Mozambique Niassa 316,058 Lichinga
0%
China Yúnnán 267,503 Lìjiāng
0%
China Húnán 600,423 Lĭlíng
0%
Brazil São Paulo 325,895 Limeira
0%
China Yúnnán 234,133 Líncāng
0%
China Hăinán 227,397 Língāo
0%
China Hénán 292,672 Língbăo
0%
China Shāndōng 261,673 Língchéng
0%
China Guăngxī 240,065 Língchuān
0%
China Guăngxī 438,340 Língshān
0%
China Níngxià 225,791 Língwŭ
0%
China Liáoníng 260,911 Língyuán
0%
China Zhèjiāng 564,179 Línhăi
0%
China Shāndōng 463,262 Línqīng
0%
China Shāndōng 513,626 Línqú
0%
China Ānhuī 572,067 Línquán
0%
China Shāndōng 361,668 Línshù
0%
China Sìchuān 335,574 Línshuĭ
0%
China Gānsù 210,712 Líntáo
0%
China Gānsù 344,336 Línxià
0%
China Húnán 261,548 Línxiāng
0%
China Hénán 312,473 Línyĭng
0%
China Hébĕi 321,937 Línzhāng
0%
China Zhèjiāng 472,386 Lìshuĭ
0%
China Jiāngsū 361,019 Lìshuĭ
0%
China Guìzhōu 239,486 Liùzhī
0%
China Húnán 486,439 Lĭxiàn
0%
China Hébĕi 252,202 Lĭxiàn
0%
China Ānhuī 494,308 Lìxīn
0%
China Jiāngsū 533,617 Lìyáng
0%
China Shānxī 360,785 Lǚliáng
0%
China Sìchuān 272,009 Lóngchāng
0%
China Zhèjiāng 545,674 Lónggǎng
0%
China Húnán 475,901 Lónghuí
0%
China Shāndōng 554,121 Lóngkŏu
0%
China Gānsù 281,430 Lŏngnán
0%
China Jiāngxī 221,165 Lóngnán
0%
China Húnán 274,923 Lóngshān
0%
China Gānsù 236,207 Lŏngxī
0%
Vietnam Đồng bằng sông Cửu Long 239,588 Long Xuyên
0%
China Hébĕi 224,181 Lóngyáo
0%
China Zhèjiāng 203,292 Lóngyóu
0%
United States Ohio 212,360 Lorain - Elyria
0%
Venezuela Capital 244,283 Los Teques
0%
China Húnán 638,128 Lóudĭ
0%
China Hénán 218,366 Luánchuān
0%
China Hébĕi 248,680 Luánnán
0%
China Hébĕi 299,918 Luánzhōu
0%
Indonesia Sumatera Selatan 236,601 Lubuklinggau
0%
Philippines Luzon 303,937 Lucena
0%
China Guăngxī 399,276 Lùchuān
0%
China Yúnnán 200,591 Lŭdiàn
0%
China Guăngdōng 537,278 Lùfēng
0%
China Ānhuī 499,807 Lújiāng
0%
China Yúnnán 236,294 Lùliáng
0%
China Guăngdōng 332,123 Luódìng
0%
China Hénán 879,013 Luòhé
0%
China Yúnnán 215,310 Luópíng
0%
China Hénán 241,412 Luóshān
0%
China Húbĕi 221,336 Luótián
0%
China Fújiàn 227,082 Luóyuán
0%
China Hénán 274,743 Lŭshān
0%
China Sìchuān 327,706 Lúxiàn
0%
China Hénán 401,635 Lùyì
0%
China Ānhuī 1,122,088 Mă'ānshān
0%
Brazil Rio de Janeiro 277,463 Macae
0%
Ecuador 299,720 Machala
0%
China Húbĕi 476,391 Máchéng
0%
India Andhra Pradesh 275,845 Madanapalle
0%
India Bihār 208,546 Madhubani
0%
Egypt Qanāt as-Suwais 279,451 Madīnat 'Ashirh min-Ramaḍān
0%
Egypt Al-Qāhira al-Kubrā 485,001 Madīnat Sittah Uktūbar
0%
Brazil Rio de Janeiro 242,023 Magé
0%
Indonesia Jawa Tengah 219,543 Magelang
0%
India Telangana 311,031 Mahbūbnagar
0%
India Gujarāt 345,576 Mahesāna
0%
India Uttar Pradesh 261,899 Mainpuri
0%
Indonesia Jawa Barat 423,815 Majalaya
0%
Sierra Leone 200,637 Makeni
0%
India Mahārāshtra 771,127 Mālegaon
0%
India Telangana 201,227 Mancherial
0%
Pakistan Punjāb 272,072 Mandi Bahāuddīn
0%
China Yúnnán 245,170 Mángshì
0%
DR Congo Tanganyika 233,384 Manono
0%
Zambia 242,439 Mansa
0%
China Nèi Mĕnggŭ 231,676 Mănzhōulĭ
0%
Brazil Pará 249,906 Marabá
0%
Niger Maradi 579,728 Maradi
0%
Philippines Mindanao 226,251 Marawi
0%
Uzbekistan 257,900 Marg'ilon
0%
Brazil São Paulo 247,533 Marília
0%
Japan Shikoku 221,121 Marugame
0%
Azerbaijan 266,249 Maştağa
0%
Indonesia Nusa Tenggara Barat 576,314 Mataram
0%
Japan Chūbu 317,092 Matsumoto
0%
Myanmar 269,957 Mawlamyine
0%
Uganda 250,878 Mbarara
0%
India Jhārkhand 251,047 Medininagar
0%
China Jílín 297,156 Méihékŏu
0%
China Sìchuān 807,078 Méishān
0%
China Guìzhōu 217,790 Méitán
0%
China Guăngdōng 716,640 Méizhōu
0%
Turkey 206,034 Menemen
0%
China Ānhuī 553,052 Mĕngchéng
0%
China Hénán 273,527 Mèngjīn
0%
China Shāndōng 233,928 Mĕngyīn
0%
China Hénán 206,973 Mèngzhōu
0%
China Yúnnán 513,251 Mĕngzì
0%
Indonesia Papua 220,487 Merauke
0%
Indonesia Lampung 356,273 Metro
0%
China Sìchuān 244,237 Miánzhú
0%
China Yúnnán 309,903 Mílè
0%
China Húnán 270,049 Mìluó
0%
China Ānhuī 288,912 Míngguāng
0%
China Hénán 357,007 Mínquán
0%
Pakistan Sindh 293,532 Mīrpur Khās
0%
India Uttar Pradesh 500,403 Mirzāpur
0%
Egypt Ad-Delta 284,498 Mīt Ghamr - Ziftā
0%
Japan Kantō 270,587 Mito
0%
Mozambique Zambézia 222,403 Mocuba
0%
India Uttar Pradesh 266,710 Modinagar
0%
Indonesia Jawa Timur 408,526 Mojokerto
0%
South Korea 261,115 Mokpo
0%
India Madhya Pradesh 347,408 Morena
0%
India Gujarāt 348,392 Morvi
0%
Colombia 277,736 Mosquera - Funza
0%
Brazil Rio Grande do Norte 301,423 Mossoró
0%
Algeria 277,761 Mostaganem
0%
India Bihār 239,524 Motihāri
0%
Algeria 220,432 M'Sila
0%
Nigeria Adamawa 282,286 Mubi
0%
China Hēilóngjiāng 812,675 Mŭdānjiāng
0%
India Uttar Pradesh 221,409 Mughalsarāi
0%
Thailand Northeastern 245,563 Mukdahan
0%
Uganda 224,811 Mukono
0%
India Bihār 412,627 Munger
0%
Pakistan Punjāb 280,356 Murīdke
0%
India Madhya Pradesh 281,855 Murwāra
0%
Zimbabwe 200,572 Mutare
0%
Pakistan Azad Jammu and Kashmir 211,712 Muzaffarābād
0%
Pakistan Punjāb 283,439 Muzaffargarh
0%
India Uttar Pradesh 923,752 Muzaffarnagar
0%
India Bihār 1,066,734 Muzaffarpur
0%
DR Congo Lomami 291,687 Mwene-Ditu
0%
Myanmar 452,905 Myitkyina
0%
Bangladesh Mymensingh 566,545 Mymensingh
0%
Tunisia 227,537 Nābul - Al-Ḥammāmāt
0%
Palestinian Territories West Bank 204,412 Nābulus
0%
India Gujarāt 351,320 Nadiād
0%
Morocco 267,598 Nador
0%
Japan Chūbu 246,203 Nagaoka
0%
India Tamil Nādu 203,162 Nāgapattinam
0%
India Tamil Nādu 476,631 Nāgercoil
0%
Iran Eṣfahān 239,135 Najaf Ābād
0%
Thailand Northeastern 283,941 Nakhon Ratchasima
0%
India Telangana 219,523 Nalgonda
0%
China Fújiàn 1,001,165 Nán'ān
0%
China Sìchuān 404,348 Nánbù
0%
India Andhra Pradesh 293,953 Nandyāl
0%
China Ānhuī 263,159 Nánlíng
0%
China Fújiàn 418,105 Nánpíng
0%
China Sìchuān 213,234 Nánxī
0%
China Húnán 278,419 Nánxiàn
0%
China Húbĕi 219,940 Nánzhāng
0%
China Hénán 254,256 Nánzhào
0%
India West Bengal 356,623 Navadvip
0%
United States Florida 228,792 Navarre - Destin
0%
India Uttar Pradesh 295,132 Nawābganj
0%
China Guìzhōu 335,779 Nàyōng
0%
China Hénán 202,018 Nèihuáng
0%
China Sìchuān 710,478 Nèijiāng
0%
China Hénán 300,110 Nèixiāng
0%
India Andhra Pradesh 825,832 Nellore
0%
China Hēilóngjiāng 217,109 Nènjiāng
0%
Israel 318,547 Netanya
0%
India Tamil Nādu 277,479 Neyveli
0%
China Ānhuī 284,231 Níngguó
0%
China Zhèjiāng 458,966 Nínghăi
0%
China Hénán 273,563 Nínglíng
0%
China Húnán 843,413 Níngxiāng
0%
China Húnán 357,726 Níngyuăn
0%
Iran Mashhad 290,327 Nīshābūr
0%
India Telangana 402,871 Nizāmābād
0%
Russia Ural 270,515 Nizhnevartovsk
0%
Nigeria Anambra 253,717 Nnewi
0%
China Jílín 201,509 Nóng'ān
0%
United States Florida 217,221 North Port - Port Charlotte
0%
Brazil Rio Grande do Sul 577,792 Novo Hamburgo - São Leopoldo
0%
Russia Siberiya 526,165 Novokuznetsk
0%
Uzbekistan 330,004 Nukus
0%
Japan Hokkaidō 227,313 Obihiro
0%
Ghana 223,333 Obuasi
0%
Japan Kantō 222,251 Odawara
0%
Nigeria Kwara 208,255 Offa
0%
Pakistan Punjāb 649,236 Okāra
0%
Philippines Luzon 316,874 Olongapo
0%
Kenya Rift Valley 204,093 Ongata Rongai
0%
India Andhra Pradesh 292,496 Ongole
0%
India Uttar Pradesh 306,638 Orai
0%
Turkey 201,191 Ordu
0%
Mexico Veracruz de Ignacio de la Llave 305,278 Orizaba
0%
Nigeria Akwa Ibom 261,372 Oron
0%
Iran Tabrīz 836,279 Orūmīyeh
0%
Kazakhstan 346,166 Óskemen
0%
India Mahārāshtra 210,650 Osmānābād
0%
Turkey 282,258 Osmaniye
0%
Japan Kansai 662,322 Ōtsu
0%
Algeria 267,305 Ouargla
0%
Nigeria Ondo 351,230 Owo
0%
Bangladesh Rajshahi 244,747 Pabna
0%
Indonesia Sumatera Utara 210,046 Padang Sidimpuan
0%
Iran Tehrān 260,482 Pākdasht
0%
Pakistan Punjāb 272,836 Pākpattan
0%
India Gujarāt 212,472 Pālanpur
0%
India Haryāna 235,911 Palwal
0%
Indonesia Jawa Timur 235,882 Pamekasan
0%
India Goa 219,182 Panaji
0%
Indonesia Kepulauan Bangka Belitung 307,647 Pangkal Pinang
0%
India Haryāna 713,194 Pānīpat
0%
China Liáoníng 1,119,033 Pánjĭn
0%
China Sìchuān 700,492 Pānzhīhuā
0%
China Guìzhōu 523,229 Pánzhōu
0%
Brazil Pará 221,600 Parauapebas
0%
India Mahārāshtra 421,041 Parbhani
0%
Brazil Rio Grande do Norte 331,193 Parnamirim
0%
Brazil Rio Grande do Sul 207,931 Passo Fundo
0%
Indonesia Jawa Timur 228,532 Pasuruan
0%
India Punjab 235,514 Pathānkot
0%
Myanmar 212,322 Pathein
0%
India Punjab 735,024 Patiāla
0%
China Jiāngsū 624,376 Pèixiàn
0%
Indonesia Jawa Tengah 840,233 Pekalongan
0%
China Shāndōng 320,122 Pénglái
0%
China Chóngqìng 299,096 Péngshuĭ
0%
China Sìchuān 421,218 Péngzhōu
0%
Indonesia Jawa Tengah 229,530 Petarukan
0%
Vietnam Duyên hải Nam Trung Bộ 219,704 Phan Thiết
0%
India Jhārkhand 202,378 Phusro
0%
India Uttar Pradesh 276,488 Pīlībhīt
0%
China Sìchuān 277,901 Píngchāng
0%
China Shāndōng 545,979 Píngdù
0%
China Guăngxī 316,431 Píngguŏ
0%
China Fújiàn 231,241 Pínghé
0%
China Zhèjiāng 479,764 Pínghú
0%
China Húnán 578,831 Píngjiāng
0%
China Gānsù 357,501 Píngliáng
0%
China Guăngxī 611,177 Píngnán
0%
China Hébĕi 259,618 Píngquán
0%
China Hébĕi 250,042 Píngshān
0%
China Fújiàn 240,974 Píngtán
0%
China Jiāngxī 738,309 Píngxiāng
0%
China Hébĕi 207,684 Píngxiāng
0%
China Zhèjiāng 580,941 Píngyáng
0%
China Shānxī 229,033 Píngyáo
0%
China Shāndōng 453,380 Píngyì
0%
China Hénán 344,811 Píngyú
0%
India Madhya Pradesh 249,867 Pithampur
0%
China Jiāngsū 916,618 Pīzhōu
0%
Vietnam Tây Nguyên 235,142 Pleiku
0%
Russia Tsentral'nyj 341,129 Podol'sk
0%
India Tamil Nādu 205,882 Pollāchi
0%
Colombia 296,842 Popayán
0%
India Gujarāt 256,835 Porbandar
0%
Ecuador 265,850 Portoviejo
0%
South Africa North West 204,159 Potchefstroom
0%
China Jiāngxī 516,787 Póyáng
0%
Mexico Veracruz de Ignacio de la Llave 240,151 Poza Rica de Hidalgo
0%
Brazil São Paulo 542,280 Praia Grande
0%
Indonesia Jawa Timur 205,314 Probolinggo
0%
India Andhra Pradesh 313,112 Proddatūr
0%
China Guăngxī 242,980 Pŭbĕi
0%
China Shănxī 322,022 Púchéng
0%
Venezuela Central 204,015 Puerto Cabello
0%
China Zhèjiāng 201,036 Pŭjiāng
0%
China Guăngdōng 951,494 Pŭníng
0%
India Odisha 313,400 Puri
0%
India Bihār 534,086 Pūrnia
0%
India West Bengal 226,845 Puruliya
0%
Indonesia Jawa Barat 248,985 Purwakarta
0%
Indonesia Jawa Tengah 267,569 Purwokerto
0%
Malaysia 306,769 Putrajaya - Cyberjaya
0%
South Korea 451,242 Pyeongtaek
0%
Myanmar 208,047 Pyin Oo Lwin
0%
North Korea 318,672 P'yŏngsŏng
0%
Iran Tehrān 226,545 Qā'em Shahr
0%
Kazakhstan 498,411 Qaraǵandy
0%
Iran Tehrān 488,311 Qarchak - Varāmīn
0%
China Hébĕi 516,762 Qiān'ān
0%
China Húbĕi 509,586 Qiánjiāng
0%
China Chóngqìng 327,322 Qiánjiāng
0%
China Ānhuī 260,654 Qiánshān
0%
China Shănxī 221,291 Qiánxiàn
0%
China Húbĕi 324,887 Qíchūn
0%
China Jiāngsū 608,545 Qĭdōng
0%
China Húnán 321,715 Qídōng
0%
China Shāndōng 324,063 Qíhé
0%
China Chóngqìng 556,042 Qíjiāng
0%
China Hénán 230,642 Qīngfēng
0%
China Hébĕi 281,654 Qīnghé
0%
China Zhèjiāng 315,825 Qīngtián
0%
China Hébĕi 240,853 Qīngxiàn
0%
China Gānsù 366,147 Qìngyáng
0%
China Guìzhōu 422,174 Qīngzhèn
0%
China Shāndōng 580,469 Qīngzhōu
0%
China Hébĕi 1,652,570 Qínhuángdăo
0%
China Hénán 295,928 Qìnyáng
0%
China Guăngxī 863,966 Qīnzhōu
0%
China Hăinán 283,000 Qiónghăi
0%
China Hēilóngjiāng 408,608 Qītáihé
0%
China Hénán 402,723 Qĭxiàn
0%
China Húnán 309,299 Qíyáng
0%
Uzbekistan 353,702 Qo'qon
0%
Kazakhstan 269,892 Qostanaı
0%
China Ānhuī 282,226 Quánjiāo
0%
China Shāndōng 422,839 Qŭfù
0%
Vietnam Duyên hải Nam Trung Bộ 299,934 Qui Nhơn
0%
Vietnam Duyên hải Nam Trung Bộ 218,829 Quảng Ngãi
0%
China Sìchuān 414,651 Qúxiàn
0%
China Hébĕi 275,908 Qŭyáng
0%
China Zhèjiāng 623,263 Qúzhōu
0%
China Hébĕi 296,713 Qŭzhōu
0%
Kazakhstan 295,134 Qyzylorda
0%
Sudan 279,641 Rabak
0%
India Uttar Pradesh 341,352 Rāe Bareli
0%
Pakistan Punjāb 607,333 Rahīmyār Khān
0%
India Karnātaka 302,651 Rāichūr
0%
India West Bengal 320,191 Rāiganj
0%
India Chhattīsgarh 243,526 Raigarh
0%
India Tamil Nādu 240,859 Rājapālayam
0%
India Chhattīsgarh 222,833 Rāj Nāndgaon
0%
Bangladesh Rajshahi 994,440 Rajshahi
0%
India Telangana 256,727 Rāmagundam
0%
India Jhārkhand 200,044 Ramgarh Cantonment
0%
India Uttar Pradesh 518,552 Rāmpur
0%
India West Bengal 345,614 Rānāghāt
0%
Indonesia Banten 222,857 Rangkasbitung
0%
India Tamil Nādu 523,355 Rānippettai
0%
Indonesia Sumatera Utara 219,622 Rantau Prapat
0%
UAE 358,035 Rā's al-Khaymah
0%
India Madhya Pradesh 363,022 Ratlām
0%
India Odisha 743,939 Raurkela
0%
Vietnam Đồng bằng sông Cửu Long 246,440 Rạch Giá
0%
China Guìzhōu 436,232 Rénhuái
0%
China Hébĕi 466,153 Rènqiū
0%
China Sìchuān 545,037 Rénshòu
0%
India Madhya Pradesh 359,765 Rewa
0%
India Haryāna 231,258 Rewāri
0%
Brazil Minas Gerais 356,837 Ribeirão das Neves
0%
Brazil São Paulo 222,532 Rio Claro
0%
Brazil Rio Grande do Sul 209,381 Rio Grande
0%
Brazil Goiás 252,637 Rio Verde
0%
India Karnātaka 215,257 Robertson Pet
0%
United States South Carolina 278,795 Rock Hill
0%
Australia Western Australia 201,975 Rockingham
0%
India Haryāna 564,221 Rohtak
0%
Brazil Mato Grosso 243,833 Rondonopolis
0%
China Chóngqìng 441,524 Róngchāng
0%
China Shāndōng 472,545 Róngchéng
0%
China Guăngxī 307,269 Róngxiàn
0%
China Sìchuān 211,652 Róngxiàn
0%
India Uttarākhand 490,046 Roorkee
0%
Algeria 436,140 Rouïba
0%
China Jiāngsū 520,720 Rúdōng
0%
India Uttarākhand 345,327 Rudrapur
0%
China Jiāngsū 803,813 Rúgāo
0%
China Zhèjiāng 1,035,268 Ruì'ān
0%
China Jiāngxī 278,976 Ruìchāng
0%
China Jiāngxī 334,240 Ruìjīn
0%
China Yúnnán 251,318 Ruìlì
0%
China Hénán 232,111 Rŭnán
0%
China Shāndōng 251,179 Rŭshān
0%
China Hénán 243,248 Rŭyáng
0%
Poland 238,386 Rzeszów
0%
Pakistan Punjāb 338,229 Sādiqābād
0%
Nigeria Ogun 269,380 Sagamu
0%
India Madhya Pradesh 545,750 Sāgar
0%
India Bihār 308,032 Saharsa
0%
Saudi Arabia 200,814 Sakākā
0%
Indonesia Jawa Tengah 223,761 Salatiga
0%
Iraq 200,901 Sāmarrā'
0%
India Bihār 225,236 Samastīpur
0%
India Odisha 308,565 Sambalpur
0%
India Uttar Pradesh 361,217 Sambhal
0%
Pakistan Punjāb 210,221 Samundri
0%
Thailand Krung Thep Maha Nakhon Lae Parimonthon 514,776 Samut Sakhon
0%
Iran Tabrīz 436,148 Sanandaj
0%
India Mahārāshtra 759,798 Sāngli
0%
China Hébĕi 899,898 Sānhé
0%
Mexico Querétaro de Arteaga 237,423 San Juan del Río
0%
Guatemala 207,085 San Juan Sacatepéquez
0%
Mexico Sonora 203,293 San Luis Río Colorado
0%
China Zhèjiāng 222,643 Sānmén
0%
China Hénán 461,565 Sānménxiá
0%
Dominican Republic 225,113 San Pedro de Macorís
0%
China Sìchuān 255,743 Sāntái
0%
Argentina 441,375 Santiago del Estero
0%
India West Bengal 319,111 Sāntipur
0%
Philippines Luzon 480,421 Santo Tomas - Tanauan
0%
China Hăinán 814,878 Sānyà
0%
Brazil São Paulo 494,669 São José do Rio Preto
0%
Brazil Paraná 327,281 São José dos Pinhais
0%
Nigeria Delta 365,795 Sapele
0%
India Bihār 257,854 Sāsarām
0%
Japan Kyūshū & Okinawa 237,228 Sasebo
0%
India Mahārāshtra 302,053 Sātāra
0%
Thailand Eastern 215,468 Sattahip
0%
Bangladesh Dhaka 416,273 Savar
0%
Kazakhstan 321,176 Semeı
0%
Malaysia 518,340 Seremban
0%
Brazil Minas Gerais 247,259 Sete Lagoas
0%
China Xīnjiāng 342,202 Shāchē
0%
China Hébĕi 279,232 Shāhé
0%
Iran Eṣfahān 213,506 Shāhīn Shahr
0%
India Uttar Pradesh 530,908 Shāhjahānpur
0%
Russia Juzhnyj 226,478 Shakhty
0%
China Jiāngxī 223,150 Shànggāo
0%
China Fújiàn 220,765 Shàngháng
0%
China Hénán 220,850 Shàngjiē
0%
China Jiāngxī 262,815 Shànglì
0%
China Shănxī 250,962 Shāngluò
0%
China Hénán 436,375 Shāngshuĭ
0%
China Hēilóngjiāng 241,484 Shàngzhì
0%
China Guăngdōng 339,337 Shànwĕi
0%
China Shāndōng 550,390 Shànxiàn
0%
China Shănxī 215,010 Shānyáng
0%
China Húnán 663,794 Shàodōng
0%
China Guăngdōng 823,899 Sháoguān
0%
China Fújiàn 227,394 Shàowŭ
0%
China Zhèjiāng 2,515,759 Shàoxīng
0%
Ethiopia Oromia 289,978 Shashemene
0%
China Hong Kong 711,536 Sha Tin
0%
China Sìchuān 466,799 Shèhóng
0%
Pakistan Punjāb 637,034 Sheikhūpura
0%
China Zhèjiāng 396,908 Shèngzhōu
0%
China Shănxī 440,553 Shénmù
0%
China Hénán 431,762 Shĕnqiū
0%
China Hénán 256,835 Shèqí
0%
China Hébĕi 258,945 Shèxiàn
0%
China Jiāngsū 459,887 Shèyáng
0%
Egypt Ad-Delta 290,227 Shibīn al-Kawm
0%
China Sìchuān 233,305 Shífāng
0%
China Xīnjiāng 508,457 Shíhézi
0%
Pakistan Sindh 232,830 Shikārpur
0%
India Megalaya 555,808 Shillong
0%
India Karnātaka 418,879 Shimoga
0%
Japan Chūgoku 300,321 Shimonoseki
0%
China Húbĕi 247,128 Shíshŏu
0%
India Madhya Pradesh 246,250 Shivpurī
0%
China Chóngqìng 256,313 Shízhù
0%
China Níngxià 426,704 Shízuĭshān
0%
China Shāndōng 810,286 Shòuguāng
0%
China Ānhuī 361,494 Shòuxiàn
0%
China Hēilóngjiāng 238,705 Shuāngchéng
0%
China Húnán 313,711 Shuāngfēng
0%
China Ānhuī 324,658 Shūchéng
0%
China Shānxī 504,424 Shuòzhōu
0%
Guinea 238,982 Siguiri
0%
China Jiāngsū 570,700 Sìhóng
0%
China Guăngdōng 480,610 Sìhuì
0%
India Rājasthān 363,027 Sīkar
0%
Philippines Luzon 291,466 Silang
0%
India Assam 447,017 Silchar
0%
India Dādra & Nagar Haveli & Damān & Diu 495,437 Silvassa
0%
China Guìzhōu 214,162 Sīnán
0%
Colombia 293,702 Sincelejo
0%
Indonesia Bali 283,296 Singaraja
0%
India Madhya Pradesh 280,780 Singrauli
0%
North Korea 349,668 Sinŭiju
0%
Bangladesh Rajshahi 207,852 Sirajganj
0%
Iran Mashhad 220,096 Sīrjān
0%
India Haryāna 268,927 Sirsa
0%
China Shāndōng 260,761 Sìshuĭ
0%
India Bihār 310,668 Sītāmarhi
0%
India Bihār 244,849 Siwān
0%
China Jiāngsū 546,805 Sìyáng
0%
Algeria 266,576 Skikda
0%
Zambia 252,220 Solwezi
0%
China Yúnnán 264,712 Sōngmíng
0%
China Hénán 273,675 Sōngxiàn
0%
China Jílín 732,924 Sōngyuán
0%
China Húbĕi 315,348 Sōngzī
0%
India Haryāna 423,951 Sonīpat
0%
Algeria 242,356 Souk Ahras
0%
Bangladesh Dhaka 299,794 Sreepur
0%
India Andhra Pradesh 214,601 Srīkākulam
0%
South Africa KwaZulu-Natal 221,157 Stanger
0%
Russia Tsentral'nyj 221,891 Staryj Oskol
0%
Russia Privolga 283,054 Sterlitamak
0%
Indonesia Jawa Barat 288,220 Subang
0%
Oman 287,537 Ṣuḥār
0%
China Jiāngxī 221,782 Suìchuān
0%
China Hēilóngjiāng 353,600 Suíhuà
0%
China Sìchuān 919,115 Suìníng
0%
China Jiāngsū 673,430 Suīníng
0%
China Hénán 208,956 Suìpíng
0%
China Guăngdōng 299,528 Suìxī
0%
China Hénán 314,043 Suīxiàn
0%
China Húbĕi 279,068 Suíxiàn
0%
China Liáoníng 238,681 Suízhōng
0%
China Húbĕi 566,515 Suízhōu
0%
Indonesia Jawa Barat 577,875 Sukabumi
0%
Pakistan Sindh 730,907 Sukkur
0%
Nigeria Niger 408,172 Suleja
0%
Peru 229,674 Sullana
0%
India Uttar Pradesh 276,450 Sultānpur
0%
Azerbaijan 668,260 Sumqayıt
0%
North Korea 301,988 Sunch'ŏn
0%
Thailand Southern 214,149 Surat Thani
0%
India Gujarāt 316,665 Surendranagar
0%
China Ānhuī 268,978 Sùsōng
0%
Pakistan Khyber Pakhtūnkhwā 219,034 Swābi
0%
Tanzania Western 224,627 Tabora
0%
Philippines Visayas 323,232 Tacloban
0%
Philippines Mindanao 347,649 Tagum
0%
China Jiāngsū 632,356 Tàicāng
0%
China Shānxī 206,983 Tàigŭ
0%
China Ānhuī 659,771 Tàihé
0%
China Jiāngxī 253,327 Tàihé
0%
China Hénán 532,022 Tàikāng
0%
Malaysia 288,236 Taiping
0%
China Hong Kong 278,695 Tai Po
0%
China Jiāngsū 636,716 Tàixīng
0%
Japan Chūbu 250,038 Takaoka
0%
Japan Kantō 1,725,517 Takasaki - Maebashi
0%
Iraq 218,712 Tal'afar
0%
Chile 297,672 Talca
0%
China Shāndōng 318,761 Tánchéng
0%
North Korea 229,137 Tanch'ŏn
0%
Bangladesh Dhaka 227,306 Tangail
0%
China Hénán 511,816 Tánghé
0%
China Hébĕi 213,223 Tángxiàn
0%
China Hénán 261,650 Tāngyīn
0%
Indonesia Sumatera Utara 274,432 Tanjungbalai
0%
Mexico Chiapas 286,400 Tapachula de Córdova y Ordóñez
0%
Bolivia 260,540 Tarija
0%
Philippines Luzon 329,565 Tarlac
0%
Indonesia Jawa Barat 768,743 Tarogong - Garut
0%
Turkey 278,904 Tarsus
0%
Myanmar 407,845 Taunggyi
0%
Algeria 285,050 Tébessa
0%
Indonesia Sumatera Utara 236,371 Tebing Tinggi
0%
Indonesia Jawa Tengah 852,469 Tegal
0%
Mexico Puebla 315,549 Tehuacán
0%
Morocco 434,370 Témara
0%
India Andhra Pradesh 206,211 Tenāli
0%
China Yúnnán 275,486 Téngchōng
0%
China Guăngxī 446,120 Téngxiàn
0%
Uzbekistan 226,760 Termiz
0%
India Assam 217,370 Tezpur
0%
Vietnam Đông Bắc Bộ 290,903 Thái Nguyên
0%
India Haryāna 288,477 Thānesar
0%
Vietnam Bắc Trung Bộ 349,381 Thanh Hóa
0%
India Tamil Nādu 468,701 Thanjāvūr
0%
United States Texas 513,645 The Woodlands - Conroe
0%
Kenya Central 248,683 Thika
0%
India Tamil Nādu 618,047 Thoothukkudi
0%
China Ānhuī 465,448 Tiāncháng
0%
China Húbĕi 478,720 Tiānmén
0%
China Gānsù 816,458 Tiānshuĭ
0%
China Zhèjiāng 268,243 Tiāntái
0%
China Guăngxī 205,352 Tiányáng
0%
China Liáoníng 366,023 Tiĕlĭng
0%
Indonesia Papua 235,536 Timika
0%
India Assam 221,459 Tinsukia
0%
India Tamil Nādu 478,834 Tirunelveli
0%
India Andhra Pradesh 713,025 Tirupati
0%
India Tamil Nādu 255,278 Tiruvannāmalai
0%
North Korea 253,611 Tŏkch'ŏn
0%
China Hénán 221,169 Tóngbǎi
0%
China Ānhuī 439,393 Tóngchéng
0%
China Húbĕi 224,817 Tōngchéng
0%
China Shănxī 406,437 Tóngchuān
0%
China Sìchuān 227,738 Tōngjiāng
0%
China Chóngqìng 482,950 Tóngliáng
0%
China Nèi Mĕnggŭ 678,032 Tōngliáo
0%
China Zhèjiāng 346,293 Tónglú
0%
China Chóngqìng 453,061 Tóngnán
0%
China Guìzhōu 499,047 Tóngrén
0%
China Zhèjiāng 791,475 Tóngxiāng
0%
China Hénán 249,900 Tōngxŭ
0%
China Guìzhōu 281,297 Tóngzĭ
0%
India Rājasthān 227,269 Tonk
0%
Turkey 221,990 Torbalı
0%
Spain 209,708 Torrevieja
0%
Algeria 206,294 Touggourt
0%
Japan Chūbu 409,244 Toyama
0%
Japan Chūbu 634,585 Toyohashi
0%
Philippines Luzon 268,661 Trece Martires
0%
South Africa Gauteng 701,678 Tsakane
0%
China Hong Kong 425,636 Tseung Kwan O
0%
China Hong Kong 1,184,855 Tuen Mun
0%
Colombia 216,874 Tuluá
0%
India Karnātaka 429,228 Tumkūr
0%
Tanzania South West Highlands 217,007 Tunduma
0%
Pakistan Balochistān 259,761 Turbat
0%
Kazakhstan 226,724 Túrkistan
0%
Thailand Northeastern 264,784 Ubon Ratchathani
0%
India Tamil Nādu 231,212 Udhagamandalam
0%
India Karnātaka 302,983 Udupi
0%
Nigeria Cross River 211,133 Ugep
0%
Nigeria Delta 228,398 Ughelli
0%
South Korea 479,424 Uijeongbu
0%
India Madhya Pradesh 652,769 Ujjain
0%
Nigeria Abia 640,582 Umuahia
0%
Saudi Arabia 218,052 Unaīzah
0%
India Uttar Pradesh 343,131 Unnāo
0%
Nigeria Edo 215,075 Uromi
0%
Turkey 236,833 Uşak
0%
Thailand Northern 210,074 Uttaradit
0%
India Gujarāt 263,938 Valsād
0%
South Africa Gauteng 334,998 Vanderbijlpark
0%
India Gujarāt 495,715 Vāpi
0%
India Mahārāshtra 1,585,976 Vāsai-Virār
0%
Pakistan Punjāb 242,108 Vehāri
0%
India Tamil Nādu 931,267 Vellore
0%
India Gujarāt 240,525 Verāval
0%
Brazil Rio Grande do Sul 247,382 Viamão
0%
India Madhya Pradesh 235,136 Vidisha
0%
Panama 231,847 Vista Alegre - Arraiján
0%
India Andhra Pradesh 335,127 Vizianagaram
0%
Brazil Rio de Janeiro 336,075 Volta Redonda
0%
Vietnam Đông Nam Bộ 481,198 Vũng Tàu
0%
China Liáoníng 465,108 Wăfángdiàn
0%
Pakistan Punjāb 611,627 Wāh Cantonment - Taxila
0%
China Hăinán 226,708 Wànníng
0%
China Jiāngxī 292,569 Wànzăi
0%
China Hénán 245,132 Wèihuī
0%
China Shănxī 558,683 Wèinán
0%
China Guìzhōu 546,972 Wēiníng
0%
China Shāndōng 348,686 Wēishān
0%
China Hénán 404,902 Wèishì
0%
China Sìchuān 282,746 Wēiyuăn
0%
China Hébĕi 280,837 Wén'ān
0%
China Guìzhōu 286,289 Wèng'ān
0%
China Zhèjiāng 969,730 Wēnlĭng
0%
China Yúnnán 495,470 Wénshān
0%
China Shāndōng 449,302 Wènshàng
0%
China Hénán 235,389 Wēnxiàn
0%
United States Florida 284,064 Winter Haven
0%
South Korea 278,570 Wonju
0%
China Ānhuī 487,279 Wōyáng
0%
China Hébĕi 505,684 Wŭ'ān
0%
China Hēilóngjiāng 256,099 Wŭcháng
0%
China Guăngdōng 404,142 Wúchuān
0%
China Shāndōng 312,166 Wúdì
0%
China Húnán 361,494 Wŭgāng
0%
China Nèi Mĕnggŭ 538,164 Wūhăi
0%
China Ānhuī 243,970 Wŭhé
0%
China Guăngdōng 357,412 Wŭhuá
0%
China Hébĕi 206,576 Wújí
0%
China Shāndōng 228,981 Wŭlián
0%
China Guăngxī 419,908 Wŭmíng
0%
China Chóngqìng 216,323 Wūshān
0%
China Sìchuān 233,968 Wŭshèng
0%
China Húbĕi 412,251 Wŭxué
0%
China Zhèjiāng 309,184 Wŭyì
0%
China Níngxià 459,260 Wúzhōng
0%
China Hénán 535,900 Xiàngchéng
0%
China Hénán 323,160 Xiāngchéng
0%
China Jiāngsū 280,903 Xiăngshuĭ
0%
China Húnán 1,389,186 Xiāngtán
0%
China Húnán 414,290 Xiāngxiāng
0%
China Húnán 311,948 Xiāngyīn
0%
China Zhèjiāng 237,357 Xiānjū
0%
China Húbĕi 524,136 Xiánníng
0%
China Húbĕi 812,264 Xiāntáo
0%
China Hébĕi 223,214 Xiànxiàn
0%
China Fújiàn 529,554 Xiānyóu
0%
China Húbĕi 235,494 Xiàochāng
0%
China Húbĕi 788,914 Xiàogăn
0%
China Ānhuī 415,839 Xiāoxiàn
0%
China Shānxī 357,428 Xiàoyì
0%
China Fújiàn 328,387 Xiápŭ
0%
China Hénán 429,744 Xiàyì
0%
China Sìchuān 687,650 Xīchāng
0%
China Hénán 301,797 Xīchuān
0%
China Hénán 293,291 Xīhuá
0%
China Hénán 298,915 Xīn'ān
0%
China Hénán 308,604 Xīncài
0%
China Zhèjiāng 279,498 Xīnchāng
0%
China Liáoníng 231,271 Xīngchéng
0%
China Jiāngsū 669,953 Xīnghuà
0%
China Guăngdōng 359,358 Xīngníng
0%
China Shănxī 327,228 Xīngpíng
0%
China Hénán 474,895 Xíngyáng
0%
China Guìzhōu 766,269 Xīngyì
0%
China Húnán 396,034 Xīnhuà
0%
China Hébĕi 308,708 Xīnlè
0%
China Hénán 583,150 Xīnmì
0%
China Liáoníng 230,868 Xīnmín
0%
China Húnán 294,506 Xīnshào
0%
China Shāndōng 802,697 Xīntài
0%
China Hénán 304,372 Xīnyĕ
0%
China Jiāngxī 760,199 Xīnyú
0%
China Xīnjiāng 202,442 Xīnyuán
0%
China Hénán 973,467 Xīnzhèng
0%
China Hébĕi 268,217 Xióngxiàn
0%
China Hénán 299,012 Xīpíng
0%
China Guìzhōu 287,776 Xíshuĭ
0%
China Húbĕi 262,465 Xīshuĭ
0%
China Chóngqìng 248,707 Xiùshān
0%
China Hénán 268,943 Xīxiá
0%
China Hénán 257,832 Xīxiàn
0%
China Ānhuī 482,183 Xuānchéng
0%
China Sìchuān 465,485 Xuānhàn
0%
China Yúnnán 721,862 Xuānwēi
0%
China Hénán 257,534 Xùnxiàn
0%
China Húnán 206,475 Xùpŭ
0%
China Hébĕi 317,971 Xúshuĭ
0%
China Guăngdōng 238,441 Xúwén
0%
China Jiāngsū 399,598 Xūyí
0%
China Sìchuān 209,543 Xùyŏng
0%
China Nèi Mĕnggŭ 219,970 Yákèshí
0%
India Haryāna 635,792 Yamunānagar
0%
China Shănxī 535,678 Yán'ān
0%
China Shāndōng 342,246 Yánggŭ
0%
China Guăngdōng 907,311 Yángjiāng
0%
South Korea 200,707 Yangju
0%
China Shānxī 653,310 Yángquán
0%
South Korea 345,052 Yangsan
0%
China Guăngdōng 200,143 Yángxī
0%
China Húbĕi 460,398 Yángxīn
0%
China Shāndōng 204,303 Yángxìn
0%
China Jiāngsū 233,279 Yángzhōng
0%
China Guìzhōu 208,533 Yánhé
0%
China Jílín 666,452 Yánjí
0%
China Hénán 278,886 Yānlíng
0%
China Bĕijīng 220,985 Yánqìng
0%
China Yúnnán 253,095 Yànshān
0%
China Jiāngxī 216,937 Yánshān
0%
China Hébĕi 200,327 Yánshān
0%
India Mahārāshtra 229,045 Yavatmāl
0%
Iran Mashhad 647,328 Yazd
0%
China Hénán 274,107 Yèxiàn
0%
China Húbĕi 256,354 Yíchéng
0%
China Hénán 486,056 Yīchuān
0%
China Jiāngxī 829,455 Yíchūn
0%
China Hēilóngjiāng 313,979 Yīchūn
0%
China Húbĕi 217,976 Yídū
0%
China Nèi Mĕnggŭ 200,610 Yījīnhuòluò
0%
China Yúnnán 220,096 Yíliáng
0%
China Sìchuān 245,366 Yílŏng
0%
China Shāndōng 398,081 Yínán
0%
China Húbĕi 305,424 Yīngchéng
0%
China Guăngdōng 411,988 Yīngdé
0%
China Liáoníng 603,066 Yíngkŏu
0%
China Sìchuān 302,317 Yíngshān
0%
China Ānhuī 509,564 Yĭngshàng
0%
China Jiāngxī 303,004 Yīngtán
0%
China Xīnjiāng 755,741 Yīníng
0%
China Shāndōng 444,812 Yíshuĭ
0%
China Hébĕi 223,680 Yìxiàn
0%
China Jiāngsū 941,387 Yíxīng
0%
China Húnán 774,419 Yìyáng
0%
China Hénán 322,991 Yíyáng
0%
China Shāndōng 276,653 Yíyuán
0%
China Húnán 317,771 Yízhāng
0%
China Guăngxī 261,873 Yízhōu
0%
China Fújiàn 257,945 Yŏng'ān
0%
China Hénán 720,079 Yŏngchéng
0%
China Chóngqìng 870,622 Yŏngchuān
0%
China Fújiàn 330,473 Yŏngchūn
0%
China Jiāngxī 205,099 Yŏngfēng
0%
South Korea 1,004,261 Yongin
0%
China Zhèjiāng 493,871 Yŏngjiā
0%
China Níngxià 265,081 Yŏngníng
0%
China Húnán 221,501 Yŏngshùn
0%
China Jiāngxī 207,976 Yŏngxīn
0%
China Húnán 324,262 Yŏngxīng
0%
China Húnán 739,130 Yŏngzhōu
0%
China Chóngqìng 299,343 Yŏuyáng
0%
China Húnán 277,413 Yuánjiāng
0%
China Húnán 223,432 Yuánlíng
0%
China Shānxī 233,616 Yuánpíng
0%
China Hébĕi 220,251 Yuánshì
0%
China Hénán 470,484 Yúchéng
0%
China Shāndōng 254,110 Yŭchéng
0%
China Jiāngxī 457,101 Yúdū
0%
China Sìchuān 337,087 Yuèchí
0%
China Zhèjiāng 1,015,517 Yuèqīng
0%
China Jiāngxī 429,241 Yúgān
0%
China Zhèjiāng 499,726 Yùhuán
0%
China Guăngdōng 403,558 Yúnfú
0%
China Húbĕi 250,329 Yúnmèng
0%
China Fújiàn 241,249 Yúnxiāo
0%
China Chóngqìng 558,780 Yúnyáng
0%
China Jiāngxī 327,801 Yùshān
0%
China Jílín 246,875 Yúshù
0%
China Shāndōng 201,784 Yútái
0%
China Hébĕi 299,399 Yùtián
0%
China Yúnnán 463,750 Yùxī
0%
China Hébĕi 237,819 Yùxiàn
0%
China Zhèjiāng 1,123,276 Yúyáo
0%
China Gānsù 265,230 Yúzhōng
0%
Iran Mashhad 621,438 Zāhedān
0%
Iraq 246,914 Zākhū
0%
Philippines Mindanao 690,003 Zamboanga
0%
Mexico Michoacán de Ocampo 224,464 Zamora de Hidalgo
0%
Iran Tabrīz 472,990 Zanjān
0%
China Hébĕi 222,826 Zăoqiáng
0%
China Húbĕi 491,179 Zăoyáng
0%
China Shānxī 201,807 Zézhōu
0%
China Hébĕi 276,891 Zhāngbĕi
0%
China Jiāngsū 1,145,373 Zhāngjiāgăng
0%
China Húnán 399,950 Zhāngjiājiè
0%
China Fújiàn 520,430 Zhāngpŭ
0%
China Jiāngxī 297,178 Zhāngshù
0%
China Gānsù 295,965 Zhāngyè
0%
China Fújiàn 272,448 Zhào'ān
0%
China Hēilóngjiāng 301,676 Zhàodōng
0%
China Yúnnán 725,910 Zhāotōng
0%
China Hébĕi 207,313 Zhàoxiàn
0%
China Shāndōng 325,788 Zhāoyuăn
0%
China Hénán 365,418 Zhèchéng
0%
China Hénán 263,965 Zhèngyáng
0%
China Hénán 423,841 Zhènpíng
0%
China Yúnnán 442,538 Zhènxióng
0%
China Húbĕi 250,579 Zhījiāng
0%
China Guìzhōu 398,374 Zhījīn
0%
China Sìchuān 431,345 Zhōngjiāng
0%
China Hénán 695,017 Zhōngmóu
0%
China Níngxià 278,419 Zhōngwèi
0%
China Húbĕi 439,488 Zhōngxiáng
0%
China Zhèjiāng 674,468 Zhōushān
0%
China Liáoníng 359,928 Zhuānghé
0%
China Shāndōng 704,539 Zhūchéng
0%
China Zhèjiāng 807,897 Zhūjì
0%
China Hénán 859,472 Zhùmădiàn
0%
China Nèi Mĕnggŭ 261,467 Zhŭngé'ĕr
0%
China Hébĕi 439,425 Zhuōzhōu
0%
China Húnán 1,636,993 Zhūzhōu
0%
Ukraine 278,835 Zhytomyr
0%
China Sìchuān 928,114 Zìgòng
0%
China Guăngdōng 201,864 Zĭjīn
0%
China Húnán 213,095 Zīxīng
0%
China Sìchuān 486,666 Zīyáng
0%
China Sìchuān 355,718 Zīzhōng
0%
Libya 230,303 Zlīṭan
0%
China Ānhuī 257,020 Zōngyáng
0%
China Shāndōng 832,707 Zōuchéng
0%
China Shāndōng 572,414 Zōupíng
0%
China Hébĕi 420,291 Zūnhuà
0%
No matching quizzes found
Score Distribution
Percent of People with Each Score
Percentile by Number Answered
Your Score History
You have not taken this quiz